{"text_format":"2","workbook":"xlsx","n_sheets":9,"sheets":["Planilha orçamentária","Cronog. Físico-Financ","CPU","Fornecimento de material betumi","BDI-serviços","BDI-fornecimento","Escala de mão de obra  ","encargos sociais - HORISTAS","encargos sociais - MENSALISTA"],"not_rendered":{"charts":0,"images":0,"macros":0,"external_links":1,"defined_names":10,"comments":0,"pivot_tables":0},"unopened":[],"bounds":{"document_bytes":16777216,"sheet_cells":100000,"run_cost":"one","rows_first":2000,"rows_last":500,"rows_between":2000,"halvings":0,"cell_chars":16384,"cell_head_chars":4096},"cells_cut":0,"cells_raw":0,"read":"whole","date_system":"1900"}

{"sheet":"Planilha orçamentária","index":0,"n_rows":43,"n_cols":12,"rows_kept":43,"cut":false,"hidden":true,"merged":[[40,0,40,5]]}
["Ministério da Integração Nacional",null,"Edital: Tomada de Preços 046/2013"]
["CODEVASF",null,"Data da abertura: 06/12/2013"]
["Município: Ubaí/MG",null,"Data Base : Setembro 2013"]
["Licitante: Biotec Engenharia Ltda.",null,"BDI Serviço:",{"$f":"'BDI-serviços'!D29","v":0.20190000000000002},"%"]
["CNPJ: 04.717.646/0001-45",null,"BDI Fornec:",{"$f":"'[1]BDI-FORNECIMENTO'!D28","v":18},"%"]
["Planilha Orçamentária"]
["ITEM","DISCRIMINAÇÃO","SICRO/CPU","UNI.","QUANT.","VALOR UNIT.","VALOR TOTAL"]
[]
[1,"SERVIÇOS PRELIMINARES",{"$nulls":4},{"$f":"SUM(G10:G13)","v":70412.159999999989}]
["1.1","MOBILIZAÇÃO E DESMOBILIZAÇÃO ","CPU","GL",1,{"$f":"CPU!I33","v":15436.001700000001},{"$f":"ROUND(E10*F10,2)","v":15436}]
["1.2","INSTALAÇÃO DO CANTEIRO DE OBRAS","CPU","M²",{"$f":"10*10","v":100},{"$f":"CPU!I102","v":207.49172388155554},{"$f":"ROUND(E11*F11,2)","v":20749.169999999998}]
["1.3","ADMINISTRAÇÃO LOCAL E MANUTENÇÃO DO CANTEIRO DE OBRAS","CPU","GL",1,{"$f":"CPU!I130","v":32691.199239999998},{"$f":"ROUND(E12*F12,2)","v":32691.200000000001}]
["1.4","FORNECIMENTO E INSTALAÇÃO DE PLACA DE IDENTIFICAÇÃO DA OBRA (3,0 x 1,5 m)","CPU","M²",{"$f":"3*2","v":6},{"$f":"CPU!I158","v":255.96563825000001},{"$f":"ROUND(E13*F13,2)","v":1535.79}]
[]
[2,"TERRAPLENAGEM",{"$nulls":4},{"$f":"SUM(G16:G16)","v":669.66}]
["2.1","LOCAÇÃO DA OBRA","CPU","M",{"$f":"140+423+47+89","v":699},{"$f":"CPU!I234","v":0.9580215807037038},{"$f":"ROUND(E16*F16,2)","v":669.66}]
[]
[3,"PAVIMENTAÇÃO",{"$nulls":4},{"$f":"SUM(G19:G32)","v":142630.24}]
["3.1","REGULARIZAÇÃO DO SUBLEITO COM PROCTOR INTERMEDIÁRIO","5 S 02 110 00","M²",{"$f":"E16*K37","v":4893},{"$f":"CPU!I264","v":0.697102},{"$f":"ROUND(E19*F19,2)","v":3410.92},null,{"$f":"E19/7","v":699},"m"]
["3.2","BASE EM SOLO ESTABILIZADO GRANULOMETRICAMENTE SEM MISTURA","2 S 02 200 01","M³",{"$f":"E16*K34*J34","v":733.94999999999993},{"$f":"CPU!I296","v":9.0983830000000001},6677.76,null,"Capa",0.03,7,2.4]
["3.3","TRANSPORTE LOCAL COM BASCULANTE, 5 M3","1 A 00 001 05","T.KM",{"$f":"E20*L34*J35","v":42275.519999999997},{"$f":"CPU!I320","v":0.6370070000000001},26929.8,null,"Transp",80]
["3.4","EXECUÇÃO DE IMPRIMAÇÃO COM MATERIAL BETUMINOSO, INCLUINDO TRANSPORTE DO MATERIAL DO CANTEIRO ATÉ A OBRA","3 S 02 300 00","M²",{"$f":"E19","v":4893},{"$f":"CPU!I349","v":0.192304},940.94,null,"CAP",5.5E-2]
["3.5","FORNECIMENTO DE MATERIAL BETUMINOSO - ASFALTO DILUÍDO CM 30","ANP + 18%","T",{"$f":"E22*J30","v":5.871599999999999},{"$f":"1475.37*1.18","v":1740.9365999999998},10222.08,null,"Transp",600]
["3.6","TRANSPORTE DE MATERIAIS ASFÁLTICOS ACIMA DE 50 KM","DER-PB","T.KM",{"$f":"E23*J32","v":3522.9599999999996},{"$f":"CPU!I373","v":0.28845599999999999},1016.22,null,"Filler",2.8000000000000001E-2,null,1.7]
["3.7","EXECUÇÃO DE PINTURA DE LIGAÇÃO COM MATERIAL BETUMINOSO, INCLUINDO TRANSPORTE DO MATERIAL DO CANTEIRO ATÉ A OBRA","3 S 02 400 00","M²",{"$f":"E22","v":4893},{"$f":"CPU!I402","v":0.42066499999999996},2058.31,null,"Areia",0.08,null,1.6]
["3.8","FORNECIMENTO DE MATERIAL BETUMINOSO - EMULSÃO ASFÁLTICA RR-1C","ANP + 18%","T",{"$f":"E25*J28","v":1.9572000000000001},{"$f":"636.41*1.18","v":750.96379999999988},1469.79,null,"Brita",0.83699999999999997,null,1.3]
["3.9","TRANSPORTE DE MATERIAIS ASFÁLTICOS","DER-PB","T.KM",{"$f":"E26*J23","v":1174.32},{"$f":"F24","v":0.28845599999999999},338.74,null,"Transp",160]
["3.10","EXECUÇÃO DE CONCRETO BETUMINOSO USINADO A QUENTE (CBUQ) COM MATERIAL BETUMINOSO, ESPESSURA 2,50 cm, INCLUINDO TRANSPORTE DO MATERIAL BETUMINOSO DO CANTEIRO DE OBRAS ATÉ AS FRENTES DE SERVIÇO.","2 S 02 540 01","T",{"$f":"E25*J20*L20","v":352.29599999999999},{"$f":"CPU!I434","v":76.070935243333324},26799.49,null,"Pintura",4.0000000000000002E-4,{"$f":"K20","v":7}]
["3.11","TRANSPORTE DE AGREGADOS (AREIA/BRITA/FILLER), DMT ACIMA DE 50 KM","1 A 00 002 91","T.KM",{"$f":"(E28*J24*L24+E28*L25*J25+E28*L26+J26)*J27","v":83309.596416},{"$f":"CPU!I458","v":0.33653200000000005},28036.35,null,"Transp",600]
["3.12","FORNECIMENTO DE MATERIAL BETUMINOSO (CAP-50/70)","ANP + 18%","T",{"$f":"E28*J22","v":19.376280000000001},1095.68,21230.2,null,"Imprimação",1.1999999999999999E-3,{"$f":"K28","v":7}]
["3.13","TRANSPORTE DE MATERIAIS ASFÁLTICOS","DER-PB","T.KM",{"$f":"E30*J23","v":11625.768},{"$f":"F24","v":0.28845599999999999},{"$f":"ROUND(E31*F31,2)","v":3353.52}]
["3.14","TRANSPORTE DE MATERIAIS ASFÁLTICOS (CBUQ), DA USINA ATÉ A PISTA","DER-PB","T.KM",{"$f":"E28*J21","v":28183.68},{"$f":"CPU!I482","v":0.36},10146.120000000001,null,"Transp",600]
[]
[4,"DRENAGEM",{"$nulls":4},{"$f":"SUM(G35)","v":111249.76},null,"Base",0.15,7,1.8]
["4.1","MEIO-FIO E SARJETA DE CONCRETO MOLDADO NO LOCAL, USINADO 15 MPA, COM 0,15 M BASE X 0,30 M ALTURA, REJUNTE EM ARGAMASSA TRACO 1:3,5 (CIMENTO E AREIA)","73763/002","M",{"$f":"E16*2","v":1398},{"$f":"CPU!I507","v":79.577798999999999},{"$f":"ROUND(E35*F35,2)","v":111249.76},null,"Transp",32]
[]
[5,"SERVIÇOS COMPLEMENTARES",{"$nulls":4},{"$f":"SUM(G38:G40)","v":6780.66},null,"Regularização",null,7]
["5.1","PLACA DE SINALIZAÇÃO DE PARE EM CHAPA, FIXADO EM TUBO DE FERRO PRETO 2\", CHAPA 14, CONCRETADO","COTAÇÃO","UND",8,{"$f":"CPU!I543","v":166.41106766666667},{"$f":"ROUND(E38*F38,2)","v":1331.29},null,"Subleito",0,{"$f":"2*3/2*J38/2+K37","v":7}]
["5.2","PINTURA A BASE DE BORRACHA CLORADA (FAIXA DE PEDRESTRES) ",79465,"M²",64.8,{"$f":"CPU!I577","v":20.223469875000003},{"$f":"ROUND(E39*F39,2)","v":1310.48},null,"Escavação"]
["5.3","RAMPA PARA ACESSO DE DEFICIENTES EM CONCRETO SIMPLES, FCK 25 Mpa, DESEMPENADO, COM PINTURA INDICATIVA 02 DEMÃOS","URB-RAM-005","UND",20,{"$f":"CPU!I604","v":206.94474453333333},{"$f":"ROUND(E40*F40,2)","v":4138.8900000000003},null,"Transp",30]
["TOTAL",{"$nulls":5},{"$f":"G9+G15+G18+G34+G37","v":331742.48}]
[]
[{"$nulls":6},{"$f":"G41/E19","v":67.799403229102793}]

{"sheet":"Cronog. Físico-Financ","index":1,"n_rows":25,"n_cols":10,"rows_kept":25,"cut":false,"hidden":false,"merged":[[6,0,6,9],[16,0,16,9]]}
["Ministério da Integração Nacional",{"$nulls":4},"Edital: "]
["CODEVASF",{"$nulls":4},"Contrato:  "]
["Município: Janauba/MG",{"$nulls":4},"Data Base : Novembro 2016"]
["Licitante: ",{"$nulls":4},"BDI Serviço:",0.25]
["CNPJ: ",{"$nulls":4},"BDI Fornec:"]
["Cronograma Físico-Financeiro"]
["CRONOGRAMA FÍSICO"]
["ÍTEM","DESCRIÇÃO DO SERVIÇO","VALOR","%","MÊS 01","MÊS 02","MÊS 03","MÊS 04","MÊS 05","TOTAL"]
["1.","SERVIÇOS PRELIMINARES",22597.07,{"$f":"C9/$C$15","v":0.18502834862648995},0.43,0.05,0.05,0.05,0.42,{"$f":"SUM(E9:I9)","v":1}]
["2.0","ESCAVAÇÃO E PREPARO DA FUNDAÇÃO COM ESTACAS DE AÇO",3266,2.6742519566214387E-2,1,{"$nulls":4},{"$f":"SUM(E10:I10)","v":1}]
["2.2","ESTRUTURA DE CONCRETO",35165.97,0.28794447054191924,0.5,0.5,null,null,null,{"$f":"SUM(E11:I11)","v":1}]
["2.3","FORNECIMENTO DE ESTACAS PARA FUNDAÇÃO",35610.57,0.29158492498133715,null,0.5,0.5,null,null,1]
["2.4","LIMPEZA FINAL",488,3.9958204373278083E-3,{"$nulls":4},1,1]
["2.5","CALHA PARSHALL",25000,0.20470391584671149,null,null,null,0.5,0.5,1]
[null,"TOTAIS",{"$f":"SUM(C9:C14)","v":122127.61},{"$f":"SUM(D9:D14)","v":1},{"$nulls":5},{"$f":"SUM(E15:I15)","v":0}]
[]
["CRONOGRAMA FINANCEIRO"]
["ÍTEM","DESCRIÇÃO DO SERVIÇO","VALOR","%","MÊS 01","MÊS 02","MÊS 03","MÊS 04","MÊS 05","TOTAL"]
["1.","SERVIÇOS PRELIMINARES",22597.07,{"$f":"C19/$C$15","v":0.18502834862648995},{"$f":"C19*0.43","v":9716.7400999999991},{"$f":"C19*0.05","v":1129.8534999999999},{"$f":"C19*0.05","v":1129.8534999999999},{"$f":"C19*0.05","v":1129.8534999999999},{"$f":"C19*0.42","v":9490.7693999999992},{"$f":"SUM(E19:I19)","v":22597.069999999996}]
["2.0","ESCAVAÇÃO E PREPARO DA FUNDAÇÃO COM ESTACAS DE AÇO",3266,2.6742519566214387E-2,{"$f":"C20*1","v":3266},{"$nulls":4},{"$f":"SUM(E20:I20)","v":3266}]
["2.2","ESTRUTURA DE CONCRETO",35165.97,0.28794447054191924,{"$f":"C21*0.5","v":17582.985000000001},{"$f":"C21*0.5","v":17582.985000000001},null,null,null,{"$f":"SUM(E21:I21)","v":35165.97}]
["2.3","FORNECIMENTO DE ESTACAS PARA FUNDAÇÃO",35610.57,0.29158492498133715,null,{"$f":"C22*0.5","v":17805.285},{"$f":"C22*0.5","v":17805.285},null,null,35610.57]
["2.4","LIMPEZA FINAL",488,3.9958204373278083E-3,{"$nulls":4},{"$f":"C23*1","v":488},488]
["2.5","CALHA PARSHALL",25000,0.20470391584671149,null,null,null,{"$f":"C24*0.5","v":12500},{"$f":"C24*0.5","v":12500},25000]
[null,"TOTAIS",{"$f":"SUM(C19:C24)","v":122127.61},1,30565.7251,36518.123500000002,18935.138500000001,13629.853499999999,22478.769399999997,122127.60999999999]

{"sheet":"CPU","index":2,"n_rows":1018,"n_cols":12,"rows_kept":1018,"cut":false,"hidden":true,"merged":[[3,3,3,4],[4,3,4,4],[261,0,261,7],[29,3,29,7],[30,0,30,7],[117,0,117,8],[120,0,120,7],[121,0,121,8],[125,0,125,7],[20,0,20,8],[23,0,23,7],[127,0,127,7],[88,0,88,7],[89,0,89,8],[145,0,145,8],[148,0,148,7],[129,0,129,7],[134,0,134,8],[137,0,137,7],[138,0,138,8],[1017,0,1017,7],[1014,3,1014,7],[1015,0,1015,7],[1016,0,1016,7],[415,0,415,8],[419,0,419,7],[420,0,420,8],[429,0,429,7],[423,0,423,7],[424,0,424,8],[540,0,540,7],[542,0,542,7],[601,0,601,7],[430,3,430,7],[431,0,431,7],[453,0,453,7],[445,0,445,7],[446,0,446,8],[449,0,449,7],[450,0,450,8],[1005,0,1005,8],[1009,0,1009,8],[1013,0,1013,7],[979,0,979,7],[986,0,986,7],[987,0,987,7],[1008,0,1008,7],[993,0,993,8],[997,0,997,7],[998,0,998,8],[1004,0,1004,7],[991,7,991,8],[632,0,632,7],[630,0,630,7],[980,0,980,8],[983,0,983,7],[984,3,984,7],[985,0,985,7],[967,0,967,8],[970,0,970,7],[971,0,971,8],[975,0,975,7],[976,0,976,8],[965,7,965,8],[28,0,28,7],[126,3,126,7],[106,0,106,8],[109,0,109,7],[110,0,110,8],[116,0,116,7],[32,0,32,7],[103,1,104,1],[287,0,287,7],[154,3,154,7],[155,0,155,7],[157,0,157,7],[268,0,268,8],[277,0,277,7],[101,0,101,7],[144,0,144,7],[149,0,149,8],[153,0,153,7],[34,1,35,1],[131,1,132,1],[235,1,236,1],[265,1,266,1],[282,0,282,8],[207,2,207,8],[7,7,7,8],[104,7,104,8],[132,7,132,8],[236,7,236,8],[266,7,266,8],[298,7,298,8],[6,1,7,1],[278,0,278,8],[307,0,307,7],[303,0,303,7],[247,0,247,8],[92,0,92,7],[93,0,93,8],[97,0,97,7],[98,3,98,7],[99,0,99,7],[281,0,281,7],[293,0,293,7],[295,0,295,7],[9,0,9,8],[14,0,14,7],[15,0,15,8],[19,0,19,7],[24,0,24,8],[300,0,300,8],[308,0,308,8],[311,0,311,7],[312,0,312,8],[315,0,315,7],[304,0,304,8],[364,0,364,7],[365,0,365,8],[368,0,368,7],[324,0,324,8],[330,0,330,7],[319,0,319,7],[322,7,322,8],[321,1,322,1],[374,1,375,1],[403,1,404,1],[399,0,399,7],[388,0,388,8],[377,0,377,8],[383,0,383,7],[384,0,384,8],[348,0,348,7],[392,0,392,8],[338,0,338,7],[369,3,369,7],[370,0,370,7],[372,0,372,7],[230,3,230,7],[231,0,231,7],[210,0,210,8],[215,0,215,7],[216,0,216,8],[219,0,219,7],[220,0,220,8],[223,0,223,7],[297,1,298,1],[529,0,529,7],[530,0,530,8],[538,0,538,7],[539,3,539,7],[544,1,545,1],[545,7,545,8],[547,0,547,8],[511,0,511,8],[517,0,517,7],[518,0,518,8],[161,0,161,8],[164,0,164,7],[525,0,525,7],[526,0,526,8],[503,3,503,7],[504,0,504,7],[506,0,506,7],[498,0,498,8],[502,0,502,7],[288,0,288,8],[339,0,339,8],[344,0,344,7],[345,3,345,7],[346,0,346,7],[335,0,335,8],[316,3,316,7],[317,0,317,7],[331,0,331,8],[334,0,334,7],[172,0,172,8],[175,0,175,7],[176,0,176,8],[179,0,179,7],[180,3,180,7],[35,7,35,8],[414,0,414,7],[406,0,406,8],[401,0,401,7],[404,7,404,8],[291,0,291,7],[292,3,292,7],[387,0,387,7],[250,0,250,7],[238,0,238,8],[246,0,246,7],[251,0,251,8],[254,0,254,7],[263,0,263,7],[255,0,255,8],[259,0,259,7],[260,3,260,7],[233,0,233,7],[159,1,160,1],[160,7,160,8],[185,1,186,1],[186,7,186,8],[208,1,209,1],[209,7,209,8],[165,0,165,8],[171,0,171,7],[350,1,351,1],[351,7,351,8],[353,0,353,8],[356,0,356,7],[357,0,357,8],[360,0,360,7],[361,0,361,8],[224,0,224,8],[229,0,229,7],[195,0,195,8],[198,0,198,7],[199,0,199,8],[202,0,202,7],[203,3,203,7],[204,0,204,7],[206,0,206,7],[181,0,181,7],[183,0,183,7],[187,0,187,8],[190,0,190,7],[191,0,191,8],[194,0,194,7],[397,0,397,7],[398,3,398,7],[375,7,375,8],[391,0,391,7],[469,0,469,7],[470,0,470,8],[473,0,473,7],[474,0,474,8],[477,0,477,7],[459,1,460,1],[460,7,460,8],[462,0,462,8],[465,0,465,7],[466,0,466,8],[454,3,454,7],[433,0,433,7],[438,0,438,8],[441,0,441,7],[442,0,442,8],[457,0,457,7],[455,0,455,7],[435,1,436,1],[436,7,436,8],[478,3,478,7],[479,0,479,7],[481,0,481,7],[508,1,509,1],[509,7,509,8],[483,1,484,1],[484,7,484,8],[490,0,490,8],[493,0,493,7],[494,0,494,8],[497,0,497,7],[486,0,486,8],[489,0,489,7],[590,0,590,7],[591,0,591,8],[594,0,594,7],[595,0,595,8],[599,0,599,7],[600,3,600,7],[603,0,603,7],[578,1,579,1],[552,0,552,7],[553,0,553,8],[559,0,559,7],[560,0,560,8],[563,0,563,7],[564,0,564,8],[573,3,573,7],[574,0,574,7],[579,7,579,8],[581,0,581,8],[584,0,584,7],[585,0,585,8],[572,0,572,7],[576,0,576,7],[606,7,606,8],[608,0,608,8],[612,0,612,7],[613,0,613,8],[619,0,619,7],[620,0,620,8],[623,0,623,7],[624,0,624,8],[629,3,629,7],[628,0,628,7]]}
["Ministério da Integração Nacional",null,null,"Edital: Tomada de Preços 046/2013"]
["CODEVASF",null,null,"Data da abertura: 06/12/2013"]
["Município: Ubaí/MG",null,null,"Data Base : Setembro 2013"]
["Licitante: Biotec Engenharia Ltda.",null,null,"BDI Serviço:",null,{"$f":"'BDI-serviços'!D29","v":0.20190000000000002}]
["CNPJ: 04.717.646/0001-45",null,null,"BDI Fornec:",null,{"$f":"'BDI-fornecimento'!D33/100","v":0.18}]
["Composição de Preço Unitário dos Serviços"]
["CÓDIGO","SERVIÇO: Mobilização e Desmobilização","ESPECIFICAÇÃO",{"$nulls":4},"UNIDADE"]
["1.1",{"$nulls":6},"VB"]
[]
["EQUIPAMENTO"]
["DISCRIMINAÇÃO",null,"UNIDADE","QUANT.","PROD","IMPROD","P.UNIT. PROD","P.UNIT. IMPR","P.TOTAL"]
["Cavalo c/ carreta 3 eixos - 246 KW",null,"h",50,1,null,113.92,16.79,{"$f":"D12*E12*G12+D12*F12*H12","v":5696}]
["Caminhão basculante, capacidade para 5,0 m³ (inclusive motorista) - VOLKSWAGEN VW-13.150 T",null,"h",40,1,null,85.14,0,{"$f":"D13*E13*G13+D13*F13*H13","v":3405.6}]
["Caminhão carroceria fixa",null,"h",20,1,null,87.07,0,{"$f":"D14*E14*G14+D14*F14*H14","v":1741.3999999999999}]
["SUB-TOTAL",{"$nulls":7},{"$f":"SUM(I12:I14)","v":10843}]
["MATERIAL"]
["DISCRIMINAÇÃO",null,"UNIDADE","QUANT.",null,null,null,"P.UNIT.","P.TOTAL"]
["Passagem de ônibus",null,"unid.",40,null,null,null,50,{"$f":"D18*H18","v":2000}]
[{"$nulls":8},{"$f":"D19*H19","v":0}]
["SUB-TOTAL",{"$nulls":7},{"$f":"SUM(I18:I19)","v":2000}]
["SERVIÇOS - COMPOSIÇÕES AUXILIARES"]
["DISCRIMINAÇÃO",null,"UNIDADE","QUANT.",null,null,null,"P.UNIT.","P.TOTAL"]
[{"$nulls":8},{"$f":"D23*H23","v":0}]
["SUB-TOTAL",{"$nulls":7},{"$f":"SUM(I23:I23)","v":0}]
["MÃO DE OBRA"]
["DISCRIMINAÇÃO",null,"UNIDADE","QUANT.",null,null,null,"P.UNIT.","P.TOTAL"]
[{"$nulls":8},{"$f":"D27*H27","v":0}]
[{"$nulls":8},{"$f":"D28*H28","v":0}]
["SUB-TOTAL",{"$nulls":7},{"$f":"SUM(I27:I28)","v":0}]
["PRODUÇÃO DA EQUIPE",null,1,"CUSTO ",{"$nulls":4},{"$f":"I29+I24+I20+I15","v":12843}]
["TOTAL",{"$nulls":7},{"$f":"I30/C30","v":12843}]
["BDI (%)",null,{"$f":"'BDI-serviços'!$D$29","v":0.20190000000000002},{"$nulls":5},{"$f":"I31*'BDI-serviços'!D29","v":2593.0017000000003}]
["TOTAL DO SERVIÇO - R$",{"$nulls":7},{"$f":"SUM(I31:I32)","v":15436.001700000001}]
[]
["CÓDIGO","SERVIÇO: Instalação completa de Canteiro de obra","ESPECIFICAÇÃO",{"$nulls":4},"UNIDADE"]
["1.2",{"$nulls":6},"M2"]
[]
["DISCRIMINAÇÃO",null,"UNIDADE","QUANT.",null,null,null,"P.UNIT.","P.TOTAL"]
["Chapa madeira compensada resinada 2,2 X 1,1m X 10mm p/ forma de concreto",null,"u",40,null,null,null,20.9,{"$f":"D39*H39","v":836}]
["Prego de aço 18x30",null,"kg",2,null,null,null,6.79,13.58]
["Pontalete de madeira lei 8x8 cm",null,"m",40,null,null,null,12.95,518]
["Sarrafo de madeira de lei larg. 2,5 x 10cm",null,"m",25,null,null,null,6.28,157]
["Telha (fibrocimento) ondulada - dimensões: (1,83 X 1,10) m, esp. 6 mm.",null,"u",25,null,null,null,23,575]
["Conjunto de fixação e vedação para telhas de fibrocimento (parafuso, arruela elástica e metálica)",null,"cj",50,null,null,null,0.87200000000000011,43.600000000000009]
["Vaso sanitário sifonado louça branca - padrão popular",null,"u",4,null,null,null,95.1,380.4]
["Caixa descarga plástica, externa, completa com tubo de descarga, engate flexível, bóia e suporte para fixação - capacidade 9L",null,"u",4,null,null,null,22,88]
["Dobradiça aço zincado 3 x 3\" sem anéis",null,"u",18,null,null,null,5.93,106.74]
["Cadeado de 25mm",null,"pç",5,null,null,null,9.89,49.45]
["Cimento ",null,"kg",750,null,null,null,0.39,292.5]
["Areia Lavada",null,"m3",5,null,null,null,70,350]
["Brita 1",null,"m3",2,null,null,null,57.98,115.96]
["Tubo PVC soldável EB-892 p/ água fria predial DN 20mm",null,"m",24,null,null,null,1.48,35.519999999999996]
["Tubo PVC para esgoto predial DN 100mm",null,"m",18,null,null,null,7.75,139.5]
["Tubo PVC classe A, ponta e bolsa, para esgoto predial, diâmetro 40mm, fabricado conforme NBR 5688 da ABNT",null,"m",6,null,null,null,2.68,16.080000000000002]
["Tubo PVC classe A, ponta e bolsa, para esg predial, DN 50mm, fabricado conforme NBR 5688 da ABNT",null,"m",15,null,null,null,5.07,76.050000000000011]
["Lavatório louça branca com coluna medindo 45 x 55cm ou equiv - padrão médio",null,"u",4,null,null,null,92.09,368.36]
["Tanque de louça branca suspenso - 18L ou equiv",null,"u",1,null,null,null,147.34,147.34]
["Torneira plástico 1/2\" p/ lavatório",null,"u",12,null,null,null,6.58,78.960000000000008]
["Caixa em fibrocimento redonda c/ tampa - 500L",null,"u",1,null,null,null,118.6,118.6]
["Joelho PVC sold 90° p/ água fria predial DN 20mm",null,"u",20,null,null,null,0.33,6.6000000000000005]
["Joelho PVC sold /rosca 90° p/ água fria predial DN 20mm x 1/2\"",null,"u",12,null,null,null,0.92,11.040000000000001]
["Joelho PVC sold 90° PB p/ esg predial DN 100mm",null,"u",10,null,null,null,4.8499999999999996,48.5]
["Joelho PVC sold 90° PB p/ esg predial DN 50mm",null,"u",8,null,null,null,1.46,11.68]
["Joelho PVC sold 90° BB p/ esg predial DN 40mm",null,"u",8,null,null,null,0.96,7.68]
["Adesivo para tubo plástico",null,"u",0.4,null,null,null,24.56,9.8239999999999998]
["Te PVC sold 90° p/ água fria predial 20mm",null,"u",8,null,null,null,0.56000000000000005,4.4800000000000004]
["Adaptador PVC soldável c/ flanges e anel de vedação p/ caixa d´água 20mm x 1/2\"",null,"u",1,null,null,null,0.46,0.46]
["Tê sanitário PVC p/ esgoto predial, ponta, bolsa e bolsa (PBB), com anel de borracha , DN 100 X 100mm",null,"u",4,null,null,null,9.52,38.08]
["Te sanitário PVC p/ esg predial DN 50x 50mm",null,"u",4,null,null,null,3.75,15]
["Torneira de bóia real 1/2\" c/ balão plástico",null,"u",1,null,null,null,12.28,12.28]
["Válvula em plástico branco 1'' s/ unho (p/ pia, tanque ou lavat sem ladrão)",null,"u",5,null,null,null,1.99,9.9499999999999993]
["Sifão plástico p/ lavatório/pia tipo copo 40mm",null,"u",5,null,null,null,7.3,36.5]
["Tijolo cerâmico furado 8 furos 10 x 20 x 30cm",null,"mil",0.35,null,null,null,480,168]
["Caixa sifonada PVC com grelha quadrada branca (150x150x50)mm",null,"u",4,null,null,null,19,76]
["Cabo de cobre isolamento anti-chama 450/750V 16mm², flexível, tp Foresplast Alcoa ou equiv",null,"m",90,null,null,null,8,720]
["Cabo de cobre isolamento anti-chama 450/750V 2,5mm², flexível, tp Foresplast Alcoa ou equiv",null,"m",300,null,null,null,1.59,477,null,null,{"$f":"I102","v":207.49172388155554}]
["Poste aço H=2,5m D=75mm tipo XR-701/1 Xoulux OU TPD-236/1 Trópico",null,"u",1,null,null,null,201.11,201.11]
["Chuveiro elétrico comum plástico tp Ducha 110/220V",null,"u",4,null,null,null,24.17,96.68]
["Kit cavalete PVC c/ registro de esfera 1/2\"",null,"u",1,null,null,null,62.47,62.47]
["Braço ou haste c/ canopla metal cromado 1/2\" p/ chuveiro simples",null,"u",4,null,null,null,11.37,45.48]
["Cinta (braçadeira) de aço galvanizado com parafusos para pontalete e poste, diâmetro 102 mm",null,"u",1,null,null,null,10.748888888888889,10.748888888888889]
["Caixa tipo CM-2 (CEMIG) polifásica, para medição e disjuntor - 46 x 35 x 21 cm",null,"u",1,null,null,null,96.74,96.74]
["Tomada embutir 2P universal redonda 10A/250V c/ placa, tipo Silentoque Pial ou equiv",null,"u",20,null,null,null,4.92,98.4]
["Conjunto embutir 1 interruptor simples, 1 interruptor paralelo 10A/250V c/ placa, tp Silentoque Pial ou equiv",null,"u",10,null,null,null,9.1,91]
["Soquete p/ lâmpada incandescente (E-27) em PVC c/ rabicho 10A, 250V",null,"u",15,null,null,null,2.21,33.15]
["Lâmpada incandescente 60W",null,"u",15,null,null,null,0.67,10.050000000000001]
["Tinta latex PVA ",null,"l",50,null,null,null,16,800]
["Registro de pressão simples, acabamento bruto, fabricado em bronze, classe de pressão 150 PSI, com cruzeta lisa e rosca interna e externa, diâmetro 3/4\" Ref 1400",null,"u",6,null,null,null,28.75,172.5]
["SUB-TOTAL",{"$nulls":7},{"$f":"SUM(I39:I88)","v":7878.0428888888882}]
["SERVIÇOS - COMPOSIÇÕES AUXILIARES"]
["DISCRIMINAÇÃO",null,"UNIDADE","QUANT.",null,null,null,"P.UNIT.","P.TOTAL"]
[{"$nulls":8},{"$f":"D92*H92","v":0}]
["SUB-TOTAL",{"$nulls":7},{"$f":"SUM(I92:I92)","v":0}]
["MÃO DE OBRA"]
["DISCRIMINAÇÃO",null,"UNIDADE","QUANT.",null,null,null,"P.UNIT.","P.TOTAL"]
["Pedreiro",null,"h",320,null,null,null,8.7799999999999994,{"$f":"D96*H96","v":2809.6}]
["Servente",null,"h",960,null,null,null,6.85,{"$f":"D97*H97","v":6576}]
["SUB-TOTAL",{"$nulls":7},{"$f":"SUM(I96:I97)","v":9385.6}]
["PRODUÇÃO DA EQUIPE",null,100,"CUSTO ",{"$nulls":4},{"$f":"I89+I98","v":17263.642888888888}]
["TOTAL",{"$nulls":7},{"$f":"I99/C99","v":172.63642888888887}]
["BDI (%)",null,{"$f":"'BDI-serviços'!$D$29","v":0.20190000000000002},{"$nulls":5},{"$f":"I100*C101","v":34.855294992666664}]
["TOTAL DO SERVIÇO - R$",{"$nulls":7},{"$f":"SUM(I100:I101)","v":207.49172388155554}]
[]
["CÓDIGO","SERVIÇO: Administração local e manutenção do canteiro","ESPECIFICAÇÃO",{"$nulls":4},"UNIDADE"]
["1.3",{"$nulls":6},"GL"]
[]
["EQUIPAMENTO"]
["DISCRIMINAÇÃO",null,"UNIDADE","QUANT.","PROD","IMPROD","P.UNIT. PROD","P.UNIT. IMPR","P.TOTAL"]
[{"$nulls":8},{"$f":"D109*E109*G109+D109*F109*H109","v":0}]
["SUB-TOTAL",{"$nulls":7},{"$f":"SUM(I109:I109)","v":0}]
["MATERIAL"]
["DISCRIMINAÇÃO",null,"UNIDADE","QUANT.",null,null,null,"P.UNIT.","P.TOTAL"]
["Telefone ",null,"gl",1,null,null,null,100,{"$f":"D113*H113","v":100}]
["Energia elétrica",null,"gl",1,null,null,null,200,200]
["Água e esgoto",null,"gl",1,null,null,null,100,100]
["EPI",null,"gl",1,null,null,null,250,250]
["SUB-TOTAL",{"$nulls":7},{"$f":"SUM(I113:I116)","v":650}]
["SERVIÇOS - COMPOSIÇÕES AUXILIARES"]
["DISCRIMINAÇÃO",null,"UNIDADE","QUANT.",null,null,null,"P.UNIT.","P.TOTAL"]
[{"$nulls":8},{"$f":"D120*H120","v":0}]
["SUB-TOTAL",{"$nulls":7},{"$f":"SUM(I120:I120)","v":0}]
["MÃO DE OBRA"]
["DISCRIMINAÇÃO",null,"UNIDADE","QUANT.",null,null,null,"P.UNIT.","P.TOTAL"]
["Engenheiro Residente",null,"mês",1,null,null,null,12722.6,{"$f":"D124*H124","v":12722.6}]
["Mestre de obra ",null,"mês",1,null,null,null,13827,{"$f":"D125*H125","v":13827}]
["SUB-TOTAL",{"$nulls":7},{"$f":"SUM(I124:I125)","v":26549.599999999999}]
["PRODUÇÃO DA EQUIPE",null,1,"CUSTO ",{"$nulls":4},{"$f":"I126+I121+I117+I110","v":27199.599999999999}]
["TOTAL",{"$nulls":7},{"$f":"I127/C127","v":27199.599999999999}]
["BDI (%)",null,{"$f":"'BDI-serviços'!$D$29","v":0.20190000000000002},{"$nulls":5},{"$f":"I128*'BDI-serviços'!D29","v":5491.5992400000005}]
["TOTAL DO SERVIÇO - R$",{"$nulls":7},{"$f":"SUM(I128:I129)","v":32691.199239999998}]
[]
["CÓDIGO","SERVIÇO: Placa de identificação de obra - Fornecimento e instalação ","ESPECIFICAÇÃO",{"$nulls":4},"UNIDADE"]
["1.4",{"$nulls":6},"M2"]
[]
["EQUIPAMENTO"]
["DISCRIMINAÇÃO",null,"UNIDADE","QUANT.","PROD","IMPROD","P.UNIT. PROD","P.UNIT. IMPR","P.TOTAL"]
[{"$nulls":8},{"$f":"D137*E137*G137+D137*F137*H137","v":0}]
["SUB-TOTAL",{"$nulls":7},{"$f":"SUM(I137:I137)","v":0}]
["MATERIAL"]
["DISCRIMINAÇÃO",null,"UNIDADE","QUANT.",null,null,null,"P.UNIT.","P.TOTAL"]
["Placa de identificação de obras, conforme Lay-out normatizado ",null,"m2",1,null,null,null,168,{"$f":"D141*H141","v":168}]
["Pontalete de madeira de lei 8X8 cm",null,"m",1,null,null,null,12.95,{"$f":"D142*H142","v":12.95}]
["Pontalete de madeira de lei 6X6 cm",null,"m",4,null,null,null,1.76,{"$f":"D143*H143","v":7.04}]
["Prego 18x30",null,"kg",0.11,null,null,null,6.79,{"$f":"D144*H144","v":0.74690000000000001}]
["SUB-TOTAL",{"$nulls":7},{"$f":"SUM(I141:I144)","v":188.73689999999999}]
["SERVIÇOS - COMPOSIÇÕES AUXILIARES"]
["DISCRIMINAÇÃO",null,"UNIDADE","QUANT.",null,null,null,"P.UNIT.","P.TOTAL"]
["Concreto 1:8, em Vol, prep manual",null,"m3",0.01,null,null,null,5.0599999999999996,{"$f":"D148*H148","v":5.0599999999999999E-2}]
["SUB-TOTAL",{"$nulls":7},{"$f":"SUM(I148:I148)","v":5.0599999999999999E-2}]
["MÃO DE OBRA"]
["DISCRIMINAÇÃO",null,"UNIDADE","QUANT.",null,null,null,"P.UNIT.","P.TOTAL"]
["Pedreiro",null,"h",1,null,null,null,10.48,{"$f":"D152*H152","v":10.48}]
["Servente",null,"h",2,null,null,null,6.85,{"$f":"D153*H153","v":13.7}]
["SUB-TOTAL",{"$nulls":7},{"$f":"SUM(I152:I153)","v":24.18}]
["PRODUÇÃO DA EQUIPE",null,1,"CUSTO ",{"$nulls":4},{"$f":"I154+I149+I145+I138","v":212.9675}]
["TOTAL - R$",{"$nulls":7},{"$f":"I155/C155","v":212.9675}]
["BDI (%)",null,{"$f":"'BDI-serviços'!$D$29","v":0.20190000000000002},{"$nulls":5},{"$f":"I156*'BDI-serviços'!D29","v":42.998138250000004}]
["TOTAL DO SERVIÇO - R$",{"$nulls":7},{"$f":"SUM(I156:I157)","v":255.96563825000001}]
[]
["CÓDIGO","SERVIÇO: Varrição e bota fora de material","ESPECIFICAÇÃO",{"$nulls":4},"UNIDADE"]
["Auxiliar",{"$nulls":6},"M2"]
["EQUIPAMENTO"]
["DISCRIMINAÇÃO",null,"UNIDADE","QUANT.","PROD","IMPROD","P.UNIT. PROD","P.UNIT. IMPR","P.TOTAL"]
["Vassoura mecânica rebocável - CMV : VM 2440",null,"h",1,1,null,4.37,null,{"$f":"D164*E164*G164+D164*F164*H164","v":4.37}]
["SUB-TOTAL",{"$nulls":7},{"$f":"SUM(I164:I164)","v":4.37}]
["MATERIAL"]
["DISCRIMINAÇÃO",null,"UNIDADE","QUANT.",null,null,null,"P.UNIT.","P.TOTAL"]
[{"$nulls":8},{"$f":"D168*H168","v":0}]
[{"$nulls":8},{"$f":"D169*H169","v":0}]
[{"$nulls":8},{"$f":"D170*H170","v":0}]
[{"$nulls":8},{"$f":"D171*H171","v":0}]
["SUB-TOTAL",{"$nulls":7},{"$f":"SUM(I168:I171)","v":0}]
["SERVIÇOS - COMPOSIÇÕES AUXILIARES"]
["DISCRIMINAÇÃO",null,"UNIDADE","QUANT.",null,null,null,"P.UNIT.","P.TOTAL"]
[{"$nulls":8},{"$f":"D175*H175","v":0}]
["SUB-TOTAL",{"$nulls":7},{"$f":"SUM(I175:I175)","v":0}]
["MÃO DE OBRA"]
["DISCRIMINAÇÃO",null,"UNIDADE","QUANT.",null,null,null,"P.UNIT.","P.TOTAL"]
["Servente",null,"h",0.1,null,null,null,6.85,{"$f":"D179*H179","v":0.68500000000000005}]
["SUB-TOTAL",{"$nulls":7},{"$f":"SUM(I179:I179)","v":0.68500000000000005}]
["PRODUÇÃO DA EQUIPE",null,90,"CUSTO ",{"$nulls":4},{"$f":"I180+I176+I172+I165","v":5.0549999999999997}]
["TOTAL - R$",{"$nulls":7},{"$f":"I181/C181","v":5.6166666666666663E-2}]
["BDI (%)",null,{"$f":"'BDI-serviços'!$D$29","v":0.20190000000000002},{"$nulls":5},{"$f":"C183*I182","v":1.1340050000000001E-2}]
["TOTAL DO SERVIÇO - R$",{"$nulls":7},{"$f":"SUM(I182:I183)","v":6.7506716666666661E-2}]
[]
["CÓDIGO","SERVIÇO: Espalhamento de solo em bota fora","ESPECIFICAÇÃO",{"$nulls":4},"UNIDADE"]
["Auxiliar",{"$nulls":6},"M3"]
["EQUIPAMENTO"]
["DISCRIMINAÇÃO",null,"UNIDADE","QUANT.","PROD","IMPROD","P.UNIT. PROD","P.UNIT. IMPR","P.TOTAL"]
["Trator de esteira CATERPILLAR D6R XL-163-6A-N, motor diesel potência de 140 a 170 HP - E002",null,"h",1,1,0,160.19,11.51,{"$f":"D190*E190*G190+D190*F190*H190","v":160.19}]
["SUB-TOTAL",{"$nulls":7},{"$f":"SUM(I190:I190)","v":160.19}]
["MATERIAL"]
["DISCRIMINAÇÃO",null,"UNIDADE","QUANT.",null,null,null,"P.UNIT.","P.TOTAL"]
[{"$nulls":8},{"$f":"D194*H194","v":0}]
["SUB-TOTAL",{"$nulls":7},{"$f":"SUM(I194:I194)","v":0}]
["SERVIÇOS - COMPOSIÇÕES AUXILIARES"]
["DISCRIMINAÇÃO",null,"UNIDADE","QUANT.",null,null,null,"P.UNIT.","P.TOTAL"]
[{"$nulls":8},{"$f":"D198*H198","v":0}]
["SUB-TOTAL",{"$nulls":7},{"$f":"SUM(I198:I198)","v":0}]
["MÃO DE OBRA"]
["DISCRIMINAÇÃO",null,"UNIDADE","QUANT.",null,null,null,"P.UNIT.","P.TOTAL"]
[{"$nulls":8},{"$f":"D202*H202","v":0}]
["SUB-TOTAL",{"$nulls":7},{"$f":"SUM(I202:I202)","v":0}]
["PRODUÇÃO DA EQUIPE",null,210,"CUSTO ",{"$nulls":4},{"$f":"I203+I199+I195+I191","v":160.19}]
["TOTAL - R$",{"$nulls":7},{"$f":"I204/C204","v":0.76280952380952383}]
["BDI (%)",null,{"$f":"'BDI-serviços'!$D$29","v":0.20190000000000002},{"$nulls":5},{"$f":"C206*I205","v":0.15401124285714288}]
["TOTAL DO SERVIÇO - R$",{"$nulls":7},{"$f":"SUM(I205:I206)","v":0.91682076666666668}]
[]
["CÓDIGO","SERVIÇO: Locação da obra","ESPECIFICAÇÃO",{"$nulls":4},"UNIDADE"]
["2.1",{"$nulls":6},"M"]
["EQUIPAMENTO"]
["DISCRIMINAÇÃO",null,"UNIDADE","QUANT.","PROD","IMPROD","P.UNIT. PROD","P.UNIT. IMPR","P.TOTAL"]
["Carro de passeio tipo pálio 1.6 a gasolina",null,"h",1,0.2,0.8,51.38,16.25,{"$f":"D213*E213*G213+D213*F213*H213","v":23.276000000000003}]
["Estação total - TOPCON GTS-212, leitura angular 1 SEG., precisão 6,0 segundos, acompanha 2,0  prismas",null,"h",1,1,0,8.7407407407407405,4.3703703703703702,{"$f":"D214*E214*G214+D214*F214*H214","v":8.7407407407407405}]
["Nível wild NA-2, precisão mais ou menos 0,70 mm ou similar",null,"h",1,1,0,1.5104,0.90623999999999993,{"$f":"D215*E215*G215+D215*F215*H215","v":1.5104}]
["SUB-TOTAL",{"$nulls":7},{"$f":"SUM(I213:I215)","v":33.527140740740741}]
["MATERIAL"]
["DISCRIMINAÇÃO",null,"UNIDADE","QUANT.",null,null,null,"P.UNIT.","P.TOTAL"]
[{"$nulls":8},{"$f":"D219*H219","v":0}]
["SUB-TOTAL",{"$nulls":7},{"$f":"SUM(I219:I219)","v":0}]
["SERVIÇOS - COMPOSIÇÕES AUXILIARES"]
["DISCRIMINAÇÃO",null,"UNIDADE","QUANT.",null,null,null,"P.UNIT.","P.TOTAL"]
[{"$nulls":8},{"$f":"D223*H223","v":0}]
["SUB-TOTAL",{"$nulls":7},{"$f":"SUM(I223:I223)","v":0}]
["MÃO DE OBRA"]
["DISCRIMINAÇÃO",null,"UNIDADE","QUANT.",null,null,null,"P.UNIT.","P.TOTAL"]
["Nivelador",null,"h",1,null,null,null,6.5,{"$f":"D227*H227","v":6.5}]
["Topografo",null,"h",1,null,null,null,14.24,{"$f":"D228*H228","v":14.24}]
["Auxiliar de topografia",null,"h",2,null,null,null,4.75,{"$f":"D229*H229","v":9.5}]
["SUB-TOTAL",{"$nulls":7},{"$f":"SUM(I227:I229)","v":30.240000000000002}]
["PRODUÇÃO DA EQUIPE",null,80,"CUSTO ",{"$nulls":4},{"$f":"I230+I224+I220+I216","v":63.767140740740743}]
["TOTAL - R$",{"$nulls":7},{"$f":"I231/C231","v":0.79708925925925933}]
["BDI (%)",null,{"$f":"'BDI-serviços'!$D$29","v":0.20190000000000002},{"$nulls":5},{"$f":"C233*I232","v":0.16093232144444447}]
["TOTAL DO SERVIÇO - R$",{"$nulls":7},{"$f":"SUM(I232:I233)","v":0.9580215807037038}]
[]
["CÓDIGO","SERVIÇO: Regularização e compactação do subleito, espessura até 20,0cm","ESPECIFICAÇÃO",{"$nulls":4},"UNIDADE"]
["3.1",{"$nulls":6},"M2"]
[]
["EQUIPAMENTO"]
["DISCRIMINAÇÃO",null,"UNIDADE","QUANT.","PROD","IMPROD","P.UNIT. PROD","P.UNIT. IMPR","P.TOTAL"]
["Trator de roda, tipo agrícola MASSEY FERGUSSON MF-290 DIESEL, motor diesel  105 HP",null,"h",1,0.52,0.48,61.6,11.01,{"$f":"D241*E241*G241+D241*F241*H241","v":37.316800000000001}]
["Motoniveladora CATERPILLAR 120-H, motor a diesel 140 HP, articulada",null,"h",1,0.55000000000000004,0.45,135.82,14.57,81.257500000000007]
["Rolo de pneu muller AP 26",null,"h",1,0.78,0.22,109.7,11.01,87.988200000000006]
["Rolo compactador vibratório CA 25",null,"h",1,1,0,105.05,11.01,105.05]
["Grade de disco GAP 10-32 OFF SET PESADO",null,"h",1,0.52,0.48,2.4700000000000002,null,1.2844000000000002]
["Caminhão equipado com tanque para 10.000 l, bomba e acessórios",null,"h",1,0.98,0.02,113.33,13.39,111.3312]
["SUB-TOTAL",{"$nulls":7},{"$f":"SUM(I241:I246)","v":424.22810000000004}]
["MATERIAL"]
["DISCRIMINAÇÃO",null,"UNIDADE","QUANT.",null,null,null,"P.UNIT.","P.TOTAL"]
[{"$nulls":8},{"$f":"D250*H250","v":0}]
["SUB-TOTAL",{"$nulls":7},{"$f":"SUM(I250:I250)","v":0}]
["SERVIÇOS - COMPOSIÇÕES AUXILIARES"]
["DISCRIMINAÇÃO",null,"UNIDADE","QUANT.",null,null,null,"P.UNIT.","P.TOTAL"]
[{"$nulls":8},{"$f":"D254*H254","v":0}]
["SUB-TOTAL",{"$nulls":7},{"$f":"SUM(I254:I254)","v":0}]
["MÃO DE OBRA"]
["DISCRIMINAÇÃO",null,"UNIDADE","QUANT.",null,null,null,"P.UNIT.","P.TOTAL"]
["Encarregado de pavimentação",null,"h",1,null,null,null,33.82,{"$f":"D258*H258","v":33.82}]
["Servente",null,"h",3,null,null,null,6.85,{"$f":"D259*H259","v":20.549999999999997}]
["SUB-TOTAL",{"$nulls":7},{"$f":"SUM(I258:I259)","v":54.37}]
["PRODUÇÃO DA EQUIPE",null,819,"CUSTO ",{"$nulls":4},{"$f":"I260+I255+I251+I247","v":478.59810000000004}]
[810,{"$nulls":7},{"$f":"ROUND(I261/C261,2)","v":0.57999999999999996}]
["BDI (%)",null,{"$f":"'BDI-serviços'!$D$29","v":0.20190000000000002},{"$nulls":5},{"$f":"I262*'BDI-serviços'!D29","v":0.11710200000000001}]
["TOTAL DO SERVIÇO - R$",{"$nulls":7},{"$f":"SUM(I262:I263)","v":0.697102}]
[]
["CÓDIGO","SERVIÇO: Execução de base estabilizada granulometricamente, incluindo forncecimento dos materiais, carga, descarga e espalhamento do material, espessura = 15,0cm)","ESPECIFICAÇÃO",{"$nulls":4},"UNIDADE"]
["3.2",{"$nulls":6},"M3"]
[]
["EQUIPAMENTO"]
["DISCRIMINAÇÃO",null,"UNIDADE","QUANT.","PROD","IMPROD","P.UNIT. PROD","P.UNIT. IMPR","P.TOTAL"]
["Trator de roda, tipo agrícola MASSEY FERGUSSON MF-290 DIESEL, motor diesel  105 HP",null,"h",1,0.52,0.48,61.6,11.01,{"$f":"D271*E271*G271+D271*F271*H271","v":37.316800000000001}]
["Motoniveladora CATERPILLAR 120-H, motor a diesel 140 HP, articulada",null,"h",1,0.78,0.22,135.82,14.57,{"$f":"D272*E272*G272+D272*F272*H272","v":109.145}]
["ROLOS DE PNEUS MULLER AP-26 ",null,"h",1,0.78,0.22,109.7,11.01,87.988200000000006]
["ROLOS COMPACTADORES AUTOPROPELIDOS MULLER VAP-70L  LISO, motor diesel 127 HP",null,"h",1,1,0,105.05,11.01,105.05]
["Caminhão basculante 5 m3",null,"h",1.49,1,null,115.01,13.39,171.36490000000001]
["GRADE DE DISCO GAP 10-32 OFF SET PESADO",null,"h",1,0.52,0.48,2.4700000000000002,null,1.2844000000000002]
["Caminhão equipado com tanque para 10.000 l, bomba e acessórios",null,"h",2,0.54,0.46,113.33,13.39,134.71520000000001]
["SUB-TOTAL",{"$nulls":7},{"$f":"SUM(I271:I277)","v":646.86450000000002}]
["MATERIAL"]
["DISCRIMINAÇÃO",null,"UNIDADE","QUANT.",null,null,null,"P.UNIT.","P.TOTAL"]
[{"$nulls":8},{"$f":"D281*H281","v":0}]
["SUB-TOTAL",{"$nulls":7},{"$f":"SUM(I281:I281)","v":0}]
["SERVIÇOS - COMPOSIÇÕES AUXILIARES"]
["DISCRIMINAÇÃO",null,"UNIDADE","QUANT.",null,null,null,"P.UNIT.","P.TOTAL"]
["Limpeza do terreno - Desmatamento e limpeza mecanizada com destocamento até 20 cm",null,"m2",0.7,null,null,null,0.34,{"$f":"D285*H285","v":0.23799999999999999}]
["Expurgo de jazida",null,"m3",0.2,null,null,null,1.8,{"$f":"D286*H286","v":0.36000000000000004}]
["Transporte local, perímetro urbano (material em geral), a granel",null,"m3.km",1.1499999999999999,null,null,null,2.89,{"$f":"D287*H287","v":3.3234999999999997}]
["SUB-TOTAL",{"$nulls":7},{"$f":"SUM(I285:I287)","v":3.9215}]
["MÃO DE OBRA"]
["DISCRIMINAÇÃO",null,"UNIDADE","QUANT.",null,null,null,"P.UNIT.","P.TOTAL"]
["Servente",null,"h",3,null,null,null,6.85,{"$f":"D291*H291","v":20.549999999999997}]
["SUB-TOTAL",{"$nulls":7},{"$f":"SUM(I291:I291)","v":20.549999999999997}]
["PRODUÇÃO DA EQUIPE",null,88.7,"CUSTO ",{"$nulls":4},{"$f":"I292+I288+I282+I278","v":671.33600000000001}]
["TOTAL - R$",{"$nulls":7},{"$f":"ROUND(I293/C293,2)","v":7.57}]
["BDI (%)",null,{"$f":"'BDI-serviços'!$D$29","v":0.20190000000000002},{"$nulls":5},{"$f":"I294*'BDI-serviços'!D29","v":1.5283830000000003}]
["TOTAL DO SERVIÇO - R$",{"$nulls":7},{"$f":"SUM(I294:I295)","v":9.0983830000000001}]
[]
["CÓDIGO","SERVIÇO: Transporte  material de jazida, DMT = 15,0km","ESPECIFICAÇÃO",{"$nulls":4},"UNIDADE"]
["3.3",{"$nulls":6},"M3 x KM"]
[]
["EQUIPAMENTO"]
["DISCRIMINAÇÃO",null,"UNIDADE","QUANT.","PROD","IMPROD","P.UNIT. PROD","P.UNIT. IMPR","P.TOTAL"]
["Caminhão basculante, capacidade para 5,0 m³ (inclusive motorista) - VOLKSWAGEN VW-13.150 T",null,"h",1,1,0,115.01,13.39,{"$f":"D303*E303*G303+D303*F303*H303","v":115.01}]
["SUB-TOTAL",{"$nulls":7},{"$f":"SUM(I303:I303)","v":115.01}]
["MATERIAL"]
["DISCRIMINAÇÃO",null,"UNIDADE","QUANT.",null,null,null,"P.UNIT.","P.TOTAL"]
[{"$nulls":8},{"$f":"D307*H307","v":0}]
["SUB-TOTAL",{"$nulls":7},{"$f":"SUM(I307:I307)","v":0}]
["SERVIÇOS - COMPOSIÇÕES AUXILIARES"]
["DISCRIMINAÇÃO",null,"UNIDADE","QUANT.",null,null,null,"P.UNIT.","P.TOTAL"]
[{"$nulls":8},{"$f":"D311*H311","v":0}]
["SUB-TOTAL",{"$nulls":7},{"$f":"SUM(I311:I311)","v":0}]
["MÃO DE OBRA"]
["DISCRIMINAÇÃO",null,"UNIDADE","QUANT.",null,null,null,"P.UNIT.","P.TOTAL"]
[{"$nulls":8},{"$f":"D315*H315","v":0}]
["SUB-TOTAL",{"$nulls":7},{"$f":"SUM(I315:I315)","v":0}]
["PRODUÇÃO DA EQUIPE",null,215,"CUSTO ",{"$nulls":4},{"$f":"I316+I312+I308+I304","v":115.01}]
["TOTAL - R$",{"$nulls":7},{"$f":"ROUND(I317/C317,2)","v":0.53}]
["BDI (%)",null,{"$f":"'BDI-serviços'!$D$29","v":0.20190000000000002},{"$nulls":5},{"$f":"I318*'BDI-serviços'!D29","v":0.10700700000000002}]
["TOTAL DO SERVIÇO - R$",{"$nulls":7},{"$f":"SUM(I318:I319)","v":0.6370070000000001}]
[]
["CÓDIGO","SERVIÇO:Execução da imprimação com material betuminoso CM-30.","ESPECIFICAÇÃO",{"$nulls":4},"UNIDADE"]
["3.4",{"$nulls":6},"M2"]
[]
["EQUIPAMENTO"]
["DISCRIMINAÇÃO",null,"UNIDADE","QUANT.","PROD","IMPROD","P.UNIT. PROD","P.UNIT. IMPR","P.TOTAL"]
["Trator de roda, tipo agrícola MASSEY FERGUSSON MF-290 DIESEL, motor diesel  105 HP",null,"h",1,0.41,0.59,61.6,11.01,{"$f":"D327*E327*G327+D327*F327*H327","v":31.751899999999999}]
["DISTRIBUIDORES DE BETUME DA-5B CAP 6000L A DIESEL CONSMAQ",null,"h",1,1,0,108.48,13.39,{"$f":"D328*E328*G328+D328*F328*H328","v":108.48}]
["Tanque de estocagem de asfalto",null,"h",2,1,0,9.34,null,{"$f":"D329*E329*G329+D329*F329*H329","v":18.68}]
["Vassoura mecânica rebocável (largura de varrimento igual 2,44 m) CMV ou similar",null,"h",1,0.41,0.59,4.46,null,{"$f":"D330*E330*G330+D330*F330*H330","v":1.8285999999999998}]
["SUB-TOTAL",{"$nulls":7},{"$f":"SUM(I327:I330)","v":160.7405}]
["MATERIAL"]
["DISCRIMINAÇÃO",null,"UNIDADE","QUANT.",null,null,null,"P.UNIT.","P.TOTAL"]
["Emulsão asfáltica CM-30",null,"kg",{"$nulls":5},{"$f":"D334*H334","v":0}]
["SUB-TOTAL",{"$nulls":7},{"$f":"SUM(I334:I334)","v":0}]
["SERVIÇOS - COMPOSIÇÕES AUXILIARES"]
["DISCRIMINAÇÃO",null,"UNIDADE","QUANT.",null,null,null,"P.UNIT.","P.TOTAL"]
[{"$nulls":8},{"$f":"D338*H338","v":0}]
["SUB-TOTAL",{"$nulls":7},{"$f":"SUM(I338:I338)","v":0}]
["MÃO DE OBRA"]
["DISCRIMINAÇÃO",null,"UNIDADE","QUANT.",null,null,null,"P.UNIT.","P.TOTAL"]
["Encarregado de pavimentação",null,"h",1,null,null,null,33.82,{"$f":"D342*H342","v":33.82}]
["Servente",null,"h",3,null,null,null,6.85,{"$f":"D343*H343","v":20.549999999999997}]
["Adicional de ferramentas (20,51%)"]
["SUB-TOTAL",{"$nulls":7},{"$f":"SUM(I342:I343)","v":54.37}]
["PRODUÇÃO DA EQUIPE",null,1340,"CUSTO ",{"$nulls":4},{"$f":"I345+I339+I335+I331+I344","v":215.1105}]
["TOTAL - R$",{"$nulls":7},{"$f":"ROUND(I346/C346,2)","v":0.16}]
["BDI (%)",null,{"$f":"'BDI-serviços'!$D$29","v":0.20190000000000002},{"$nulls":5},{"$f":"I347*'BDI-serviços'!D29","v":3.2304000000000006E-2}]
["TOTAL DO SERVIÇO - R$",{"$nulls":7},{"$f":"SUM(I347:I348)","v":0.192304}]
[]
["CÓDIGO","SERVIÇO: Transporte  de material betuminoso (CM-30, CAP 50 e RR 2C)","ESPECIFICAÇÃO",{"$nulls":4},"UNIDADE"]
["Item 3.6,  3.9 e 3.13",{"$nulls":6},"TON X KM"]
[]
["EQUIPAMENTO"]
["DISCRIMINAÇÃO",null,"UNIDADE","QUANT.","PROD","IMPROD","P.UNIT. PROD","P.UNIT. IMPR","P.TOTAL"]
["Caminhão basculante, capacidade para 10,0 m³ ",null,"h",1,1,0,115.01,13.39,{"$f":"D356*E356*G356+D356*F356*H356","v":115.01}]
["SUB-TOTAL",{"$nulls":7},{"$f":"SUM(I356:I356)","v":115.01}]
["MATERIAL"]
["DISCRIMINAÇÃO",null,"UNIDADE","QUANT.",null,null,null,"P.UNIT.","P.TOTAL"]
[{"$nulls":8},{"$f":"D360*H360","v":0}]
["SUB-TOTAL",{"$nulls":7},{"$f":"SUM(I360:I360)","v":0}]
["SERVIÇOS - COMPOSIÇÕES AUXILIARES"]
["DISCRIMINAÇÃO",null,"UNIDADE","QUANT.",null,null,null,"P.UNIT.","P.TOTAL"]
[{"$nulls":8},{"$f":"D364*H364","v":0}]
["SUB-TOTAL",{"$nulls":7},{"$f":"SUM(I364:I364)","v":0}]
["MÃO DE OBRA"]
["DISCRIMINAÇÃO",null,"UNIDADE","QUANT.",null,null,null,"P.UNIT.","P.TOTAL"]
[{"$nulls":8},{"$f":"D368*H368","v":0}]
["SUB-TOTAL",{"$nulls":7},{"$f":"SUM(I368:I368)","v":0}]
["PRODUÇÃO DA EQUIPE",null,470,"CUSTO ",{"$nulls":4},{"$f":"I369+I365+I361+I357","v":115.01}]
["TOTAL - R$",{"$nulls":7},{"$f":"ROUND(I370/C370,2)","v":0.24}]
["BDI (%)",null,{"$f":"'BDI-serviços'!$D$29","v":0.20190000000000002},{"$nulls":5},{"$f":"I371*C372","v":4.8456000000000006E-2}]
["TOTAL DO SERVIÇO - R$",{"$nulls":7},{"$f":"SUM(I371:I372)","v":0.28845599999999999}]
[]
["CÓDIGO","SERVIÇO: Execução de pintura de ligação com RR 2C","ESPECIFICAÇÃO",{"$nulls":4},"UNIDADE"]
["3.7",{"$nulls":6},"M2"]
[]
["EQUIPAMENTO"]
["DISCRIMINAÇÃO",null,"UNIDADE","QUANT.","PROD","IMPROD","P.UNIT. PROD","P.UNIT. IMPR","P.TOTAL"]
["Trator de roda, tipo agrícola MASSEY FERGUSSON MF-290 DIESEL, motor diesel  105 HP",null,"h",1,0.62,0.38,61.6,11.01,{"$f":"D380*E380*G380+D380*F380*H380","v":42.375799999999998}]
["DISTRIBUIDORES DE BETUME DA-5B CAP 6000L A DIESEL CONSMAQ",null,"h",1,1,0,108.48,13.39,{"$f":"D381*E381*G381+D381*F381*H381","v":108.48}]
["Tanque de estocagem de asfalto",null,"h",2,1,0,9.34,0,{"$f":"D382*E382*G382+D382*F382*H382","v":18.68}]
["Vassoura mecânica rebocável (largura de varrimento igual 2,44 m) CMV ou similar",null,"h",1,0.62,0.38,4.46,0,{"$f":"D383*E383*G383+D383*F383*H383","v":2.7652000000000001}]
["SUB-TOTAL",{"$nulls":7},{"$f":"SUM(I380:I383)","v":172.30099999999999}]
["MATERIAL"]
["DISCRIMINAÇÃO",null,"UNIDADE","QUANT.",null,null,null,"P.UNIT.","P.TOTAL"]
["Emulsão asfáltica  RR-1C",null,"kg",{"$nulls":5},{"$f":"D387*H387","v":0}]
["SUB-TOTAL",{"$nulls":7},{"$f":"SUM(I387:I387)","v":0}]
["SERVIÇOS - COMPOSIÇÕES AUXILIARES"]
["DISCRIMINAÇÃO",null,"UNIDADE","QUANT.",null,null,null,"P.UNIT.","P.TOTAL"]
[{"$nulls":8},{"$f":"D391*H391","v":0}]
["SUB-TOTAL",{"$nulls":7},{"$f":"SUM(I391:I391)","v":0}]
["MÃO DE OBRA"]
["DISCRIMINAÇÃO",null,"UNIDADE","QUANT.",null,null,null,"P.UNIT.","P.TOTAL"]
["Encarregado de pavimentação",null,"h",1,null,null,null,33.82,{"$f":"D395*H395","v":33.82}]
["Servente",null,"h",3,null,null,null,6.85,{"$f":"D396*H396","v":20.549999999999997}]
["Adicional de M.O - ferramentas",{"$nulls":7},{"$f":"0.2051*I398","v":11.151287}]
["SUB-TOTAL",{"$nulls":7},{"$f":"SUM(I395:I396)","v":54.37}]
["PRODUÇÃO DA EQUIPE",null,675,"CUSTO ",{"$nulls":4},{"$f":"I398+I392+I388+I384+I397","v":237.82228699999999}]
["TOTAL - R$",{"$nulls":7},{"$f":"ROUND(I399/C399,2)","v":0.35}]
["BDI (%)",null,{"$f":"'BDI-serviços'!$D$29","v":0.20190000000000002},{"$nulls":5},{"$f":"I400*'BDI-serviços'!D29","v":7.0665000000000006E-2}]
["TOTAL DO SERVIÇO - R$",{"$nulls":7},{"$f":"SUM(I400:I401)","v":0.42066499999999996}]
[]
["CÓDIGO","SERVIÇO:Execução de capa asfáltica em CBUQ, Espessura 2,50 cm","ESPECIFICAÇÃO",{"$nulls":4},"UNIDADE"]
["3.10",{"$nulls":6},"TON"]
[]
["EQUIPAMENTO"]
["DISCRIMINAÇÃO",null,"UNIDADE","QUANT.","PROD","IMPROD","P.UNIT. PROD","P.UNIT. IMPR","P.TOTAL"]
["Trator de roda, tipo agrícola DIESEL, motor diesel  105 HP",null,"h",1,0.24,0.76,61.6,11.01,{"$f":"D409*E409*G409+D409*F409*H409","v":23.151599999999998}]
["Rolo compactador de pneus auto prop. 25 t (98 kw)",null,"h",2,0.28999999999999998,0.71,109.7,11.01,79.260199999999998]
["Rolo compactador Tanden vibrat. Autoprop. 10,2 t (82 kw)",null,"h",1,0.56000000000000005,0.44,98.98,11.01,60.27320000000001]
["Vibro-acabadora de asfalto sobre esteiras (82 kw)",null,"h",1,0.81,0.19,146.12,16.59,121.50930000000001]
["Caminhão basculante 10 m3 - 15 t (191 kw)",null,"h",1.53,1,0,115.01,13.39,175.96530000000001]
["Vassoura mecânica rebocável (largura de varrimento igual 2,44 m) CMV ou similar",null,"h",1,0.24,0.76,4.46,0,1.0704]
["SUB-TOTAL",{"$nulls":7},{"$f":"SUM(I409:I414)","v":461.23}]
["MATERIAL"]
["DISCRIMINAÇÃO",null,"UNIDADE","QUANT.",null,null,null,"P.UNIT.","P.TOTAL"]
["Areia extraída",null,"ton",0.08,null,null,null,5.73,{"$f":"D418*H418","v":0.45840000000000003}]
["Brita produzida em central de britagem",null,"ton",0.75,null,null,null,25.47,{"$f":"D419*H419","v":19.102499999999999}]
["SUB-TOTAL",{"$nulls":7},{"$f":"SUM(I418:I419)","v":19.5609}]
["SERVIÇOS - COMPOSIÇÕES AUXILIARES"]
["DISCRIMINAÇÃO",null,"UNIDADE","QUANT.",null,null,null,"P.UNIT.","P.TOTAL"]
["Usinagem de CBUQ",null,"ton",1,null,null,null,36.4,{"$f":"D423*H423","v":36.4}]
["SUB-TOTAL",{"$nulls":7},{"$f":"SUM(I423:I423)","v":36.4}]
["MÃO DE OBRA"]
["DISCRIMINAÇÃO",null,"UNIDADE","QUANT.",null,null,null,"P.UNIT.","P.TOTAL"]
["Encarregado de pavimentação",null,"h",1,null,null,null,33.82,{"$f":"D427*H427","v":33.82}]
["Servente",null,"h",8,null,null,null,6.85,{"$f":"D428*H428","v":54.8}]
["Adicional de M.O - ferramentas"]
["SUB-TOTAL",{"$nulls":7},{"$f":"SUM(I427:I428)","v":88.62}]
["PRODUÇÃO DA EQUIPE",null,75,"CUSTO ",{"$nulls":4},{"$f":"(I415+I430+I429)/C431","v":7.3313333333333333}]
["TOTAL - R$",{"$nulls":7},{"$f":"I431+I424+I420","v":63.292233333333328}]
["BDI (%)",null,{"$f":"'BDI-serviços'!$D$29","v":0.20190000000000002},{"$nulls":5},{"$f":"I432*'BDI-serviços'!D29","v":12.778701910000001}]
["TOTAL DO SERVIÇO - R$",{"$nulls":7},{"$f":"SUM(I432:I433)","v":76.070935243333324}]
[]
["CÓDIGO","SERVIÇO: Transporte de agregado (areia brita e filler)","ESPECIFICAÇÃO",{"$nulls":4},"UNIDADE"]
["3.11",{"$nulls":6},"T.KM"]
[]
["EQUIPAMENTO"]
["DISCRIMINAÇÃO",null,"UNIDADE","QUANT.","PROD","IMPROD","P.UNIT. PROD","P.UNIT. IMPR","P.TOTAL"]
["Caminhão basculante 10 m3 - 15 t (191 kw)",null,"h",1,1,0,115.01,13.39,{"$f":"D441*E441*G441+D441*F441*H441","v":115.01}]
["SUB-TOTAL",{"$nulls":7},{"$f":"SUM(I441:I441)","v":115.01}]
["MATERIAL"]
["DISCRIMINAÇÃO",null,"UNIDADE","QUANT.",null,null,null,"P.UNIT.","P.TOTAL"]
[{"$nulls":8},{"$f":"D445*H445","v":0}]
["SUB-TOTAL",{"$nulls":7},{"$f":"SUM(I445:I445)","v":0}]
["SERVIÇOS - COMPOSIÇÕES AUXILIARES"]
["DISCRIMINAÇÃO",null,"UNIDADE","QUANT.",null,null,null,"P.UNIT.","P.TOTAL",null,null,{"$f":"'Planilha orçamentária'!G29","v":28036.35}]
[{"$nulls":8},{"$f":"D449*H449","v":0}]
["SUB-TOTAL",{"$nulls":7},{"$f":"SUM(I449:I449)","v":0}]
["MÃO DE OBRA"]
["DISCRIMINAÇÃO",null,"UNIDADE","QUANT.",null,null,null,"P.UNIT.","P.TOTAL"]
[{"$nulls":8},{"$f":"D453*H453","v":0}]
["SUB-TOTAL",{"$nulls":7},{"$f":"SUM(I453:I453)","v":0}]
["PRODUÇÃO DA EQUIPE",null,410,"CUSTO ",{"$nulls":4},{"$f":"I454+I450+I446+I442","v":115.01}]
["TOTAL - R$",{"$nulls":7},{"$f":"ROUND(I455/C455,2)","v":0.28000000000000003}]
["BDI (%)",null,{"$f":"'BDI-serviços'!$D$29","v":0.20190000000000002},{"$nulls":5},{"$f":"I456*'BDI-serviços'!D29","v":5.6532000000000013E-2}]
["TOTAL DO SERVIÇO - R$",{"$nulls":7},{"$f":"SUM(I456:I457)","v":0.33653200000000005}]
[]
["CÓDIGO","Transporte de CBUQ, da Usina para a pista","ESPECIFICAÇÃO",{"$nulls":4},"UNIDADE"]
["3.14",{"$nulls":6},"T.KM"]
[]
["EQUIPAMENTO"]
["DISCRIMINAÇÃO",null,"UNIDADE","QUANT.","PROD","IMPROD","P.UNIT. PROD","P.UNIT. IMPR","P.TOTAL"]
["Caminhão basculante 10 m3 - 15 t (191 kw)",null,"h",1,1,0,115.01,13.39,{"$f":"D465*E465*G465+D465*F465*H465","v":115.01}]
["SUB-TOTAL",{"$nulls":7},{"$f":"SUM(I465:I465)","v":115.01}]
["MATERIAL"]
["DISCRIMINAÇÃO",null,"UNIDADE","QUANT.",null,null,null,"P.UNIT.","P.TOTAL"]
[{"$nulls":8},{"$f":"D469*H469","v":0}]
["SUB-TOTAL",{"$nulls":7},{"$f":"SUM(I469:I469)","v":0}]
["SERVIÇOS - COMPOSIÇÕES AUXILIARES"]
["DISCRIMINAÇÃO",null,"UNIDADE","QUANT.",null,null,null,"P.UNIT.","P.TOTAL"]
[{"$nulls":8},{"$f":"D473*H473","v":0}]
["SUB-TOTAL",{"$nulls":7},{"$f":"SUM(I473:I473)","v":0}]
["MÃO DE OBRA"]
["DISCRIMINAÇÃO",null,"UNIDADE","QUANT.",null,null,null,"P.UNIT.","P.TOTAL"]
[{"$nulls":8},{"$f":"D477*H477","v":0}]
["SUB-TOTAL",{"$nulls":7},{"$f":"SUM(I477:I477)","v":0}]
["PRODUÇÃO DA EQUIPE",null,320,"CUSTO ",{"$nulls":4},{"$f":"I478+I474+I470+I466","v":115.01}]
["TOTAL - R$",{"$nulls":7},{"$f":"ROUND(I479/C479,2)","v":0.36}]
["BDI (%)",null,{"$f":"'BDI-serviços'!$D$29","v":0.20190000000000002},{"$nulls":5},{"$f":"I480*'BDI-serviços'!D53","v":0}]
["TOTAL DO SERVIÇO - R$",{"$nulls":7},{"$f":"SUM(I480:I481)","v":0.36}]
[]
["CÓDIGO","Meio-fio e sarjeta de concreto moldado no local, usinado 15 Mpa, com 0,15 m de base x 0,30 m de altura, rejunte em argamassa, traço 1:3:5 (cimento e areia)","ESPECIFICAÇÃO",{"$nulls":4},"UNIDADE"]
["4.1",{"$nulls":6},"M"]
[]
["EQUIPAMENTO"]
["DISCRIMINAÇÃO",null,"UNIDADE","QUANT.","PROD","IMPROD","P.UNIT. PROD","P.UNIT. IMPR","P.TOTAL"]
["Caminhão com carroceria fixa e guindauto para içamento de carga de até 5,5 ton.(inclusive motorista)",null,"h",1,0.32,null,81.8,null,{"$f":"D489*E489*G489+D489*F489*H489","v":26.175999999999998}]
["SUB-TOTAL",{"$nulls":7},{"$f":"SUM(I489:I489)","v":26.175999999999998}]
["MATERIAL"]
["DISCRIMINAÇÃO",null,"UNIDADE","QUANT.",null,null,null,"P.UNIT.","P.TOTAL"]
["Concreto estrutural FCK 15 Mpa",null,"m3",7.6999999999999999E-2,null,null,null,{"$f":"I1016","v":354.55},{"$f":"D493*H493","v":27.300350000000002}]
["SUB-TOTAL",{"$nulls":7},{"$f":"SUM(I493:I493)","v":27.300350000000002}]
["SERVIÇOS - COMPOSIÇÕES AUXILIARES"]
["DISCRIMINAÇÃO",null,"UNIDADE","QUANT.",null,null,null,"P.UNIT.","P.TOTAL"]
["Argamassa de cimento e areia, traço 1:3",null,"m3",3.0000000000000001E-3,null,null,null,{"$f":"I986","v":323.39},{"$f":"D497*H497","v":0.97016999999999998}]
["SUB-TOTAL",{"$nulls":7},{"$f":"SUM(I497:I497)","v":0.97016999999999998}]
["MÃO DE OBRA"]
["DISCRIMINAÇÃO",null,"UNIDADE","QUANT.",null,null,null,"P.UNIT.","P.TOTAL"]
["Pedreiro",null,"h",0.6,null,null,null,10.48,{"$f":"D501*H501","v":6.2880000000000003}]
["Servente",null,"h",0.8,null,null,null,6.85,{"$f":"D502*H502","v":5.48}]
["SUB-TOTAL",{"$nulls":7},{"$f":"SUM(I501:I502)","v":11.768000000000001}]
["PRODUÇÃO DA EQUIPE",null,1,"CUSTO ",{"$nulls":4},{"$f":"I503+I498+I494+I490","v":66.214520000000007}]
["TOTAL - R$",{"$nulls":7},{"$f":"ROUND(I504/C504,2)","v":66.209999999999994}]
["BDI (%)",null,{"$f":"'BDI-serviços'!$D$29","v":0.20190000000000002},{"$nulls":5},{"$f":"I505*'BDI-serviços'!D29","v":13.367799}]
["TOTAL DO SERVIÇO - R$",{"$nulls":7},{"$f":"SUM(I505:I506)","v":79.577798999999999}]
[]
["CÓDIGO","SERVIÇO: Placa de sinalização de PARE em chapa, fixado em tubo de ferro preto 2\" ","ESPECIFICAÇÃO",{"$nulls":4},"UNIDADE"]
["5.1",{"$nulls":6},"UNID."]
[]
["EQUIPAMENTO"]
["DISCRIMINAÇÃO",null,"UNIDADE","QUANT.","PROD","IMPROD","P.UNIT. PROD","P.UNIT. IMPR","P.TOTAL"]
["Máquina para pintura",null,"h",1,0.6,0.4,0.83,null,{"$f":"D514*E514*G514+D514*F514*H514","v":0.49799999999999994}]
["Máquina de bancada Universal",null,"h",2,0.5,0.5,15.08,11.01,{"$f":"E515*G515+F515*H515","v":13.045}]
["Máquina de bancada - prensa",null,"h",1,0.3,0.7,5.0599999999999996,null,1.5179999999999998]
["Guilhotinha",null,"h",1,0.2,0.8,4.7,null,0.94000000000000006]
["SUB-TOTAL",{"$nulls":7},{"$f":"SUM(I514:I517)","v":16.001000000000001}]
["MÃO DE OBRA"]
["DISCRIMINAÇÃO",null,"UNIDADE","QUANT.",null,null,null,"P.UNIT.","P.TOTAL"]
["Encarregado de turma",null,"h",0.5,null,null,null,23.43,{"$f":"D521*H521","v":11.715}]
["Montador",null,"h",1.2,null,null,null,8.7799999999999994,{"$f":"D522*H522","v":10.536}]
["Pintor",null,"h",0.6,null,null,null,8.7799999999999994,5.2679999999999998]
["Serralheiro",null,"h",1,null,null,null,8.7799999999999994,8.7799999999999994]
["Ajudante",null,"h",4,null,null,null,6.85,27.4]
["SUB-TOTAL",{"$nulls":7},{"$f":"(I518+I521+I522+I523+I524+I525)/6","v":13.283333333333333}]
["SERVIÇOS - COMPOSIÇÕES AUXILIARES"]
["DISCRIMINAÇÃO",null,"UNIDADE","QUANT.",null,null,null,"P.UNIT.","P.TOTAL"]
[{"$nulls":8},{"$f":"D529*H529","v":0}]
["SUB-TOTAL",{"$nulls":7},{"$f":"SUM(I529:I529)","v":0}]
["MATERIAIS"]
["DISCRIMINAÇÃO",null,"UNIDADE","QUANT.",null,null,null,"P.UNIT.","P.TOTAL"]
["Chapa de aço 16",null,"m2",1,null,null,null,47.39,{"$f":"D533*H533","v":47.39}]
["Tinta esmalte sintético semi fosco",null,"l",1.3,null,null,null,15,{"$f":"D534*H534","v":19.5}]
["Película refletiva lentes expostas",null,"m2",0.2,null,null,null,76,15.200000000000001]
["película refletiva lentes inclusas",null,"m2",0.2,null,null,null,149,29.8]
[]
["Adicional de M.O - ferramentas"]
["SUB-TOTAL",{"$nulls":7},{"$f":"SUM(I533:I538)","v":111.89}]
["PRODUÇÃO DA EQUIPE",null,6,"CUSTO ",{"$nulls":4},{"$f":"I539+I526","v":125.17333333333333}]
["TOTAL - R$",{"$nulls":7},{"$f":"I540+I530+I526","v":138.45666666666668}]
["BDI (%)",null,{"$f":"'BDI-serviços'!$D$29","v":0.20190000000000002},{"$nulls":5},{"$f":"I541*C542","v":27.954401000000004}]
["TOTAL DO SERVIÇO - R$",{"$nulls":7},{"$f":"I541+I542","v":166.41106766666667}]
[]
["CÓDIGO","SERVIÇO: Pintura a base de borracha, clorada","ESPECIFICAÇÃO",{"$nulls":4},"UNIDADE"]
["5.2",{"$nulls":6},"M2"]
[]
["EQUIPAMENTO"]
["DISCRIMINAÇÃO",null,"UNIDADE","QUANT.","PROD","IMPROD","P.UNIT. PROD","P.UNIT. IMPR","P.TOTAL"]
["Caminhão carroceria",null,"h",1,0.5,0.5,55.73,13.39,{"$f":"G550*E550+H550*F550","v":34.56}]
["Veículo leve",null,"h",2,1,null,51.09,11.01,{"$f":"2*G551","v":102.18}]
["Máquina para pintura",null,"h",1,1,null,102.32,13.39,{"$f":"D552*E552*G552+D552*F552*H552","v":102.32}]
["SUB-TOTAL",{"$nulls":7},{"$f":"SUM(I550:I552)","v":239.06}]
["MÃO DE OBRA"]
["DISCRIMINAÇÃO",null,"UNIDADE","QUANT.",null,null,null,"P.UNIT.","P.TOTAL"]
["Operador de equipamento especial",null,"h",1,null,null,null,16.59,{"$f":"D556*H556","v":16.59}]
["Pré-marcador",null,"h",1,null,null,null,8.7799999999999994,{"$f":"D557*H557","v":8.7799999999999994}]
["Encarregado de turma",null,"h",1,null,null,null,23.43,23.43]
["Servente",null,"h",7,null,null,null,6.85,47.949999999999996]
["SUB-TOTAL",{"$nulls":7},{"$f":"SUM(I556:I559)","v":96.75}]
["SERVIÇOS - COMPOSIÇÕES AUXILIARES"]
["DISCRIMINAÇÃO",null,"UNIDADE","QUANT.",null,null,null,"P.UNIT.","P.TOTAL"]
[{"$nulls":8},{"$f":"D563*H563","v":0}]
["SUB-TOTAL",{"$nulls":7},{"$f":"SUM(I563:I563)","v":0}]
["MATERIAIS"]
["DISCRIMINAÇÃO",null,"UNIDADE","QUANT.",null,null,null,"P.UNIT.","P.TOTAL"]
["Tinta base resina acrílica",null,"l",0.4,null,null,null,15.15,{"$f":"D567*H567","v":6.0600000000000005}]
["Micro esfera PRÉ-MIX",null,"kg",0.1,null,null,null,5.51,{"$f":"D568*H568","v":0.55100000000000005}]
["Micro esfera  DROP-ON",null,"kg",0.25,null,null,null,5.3,1.325]
["Tinta de pré-marcação",null,"l",0.03,null,null,null,16.5,0.495]
[{"$nulls":8},{"$f":"SUM(I567:I570)","v":8.4310000000000009}]
["Adicional de M.O - ferramentas"]
["SUB-TOTAL",{"$nulls":7},{"$f":"I553+I560","v":335.81}]
["PRODUÇÃO DA EQUIPE",null,40,"CUSTO ",{"$nulls":4},{"$f":"I573/C574","v":8.3952500000000008}]
["TOTAL - R$",{"$nulls":7},{"$f":"I574+I571","v":16.826250000000002}]
["BDI (%)",null,{"$f":"'BDI-serviços'!$D$29","v":0.20190000000000002},{"$nulls":5},{"$f":"I575*C576","v":3.3972198750000007}]
["TOTAL DO SERVIÇO - R$",{"$nulls":7},{"$f":"I575+I576","v":20.223469875000003}]
[]
["CÓDIGO","SERVIÇO:  Rampa de acesso de deficientes em concreto simples","ESPECIFICAÇÃO",{"$nulls":4},"UNIDADE"]
["5.3",{"$nulls":6},"M3 "]
[]
["EQUIPAMENTO"]
["DISCRIMINAÇÃO",null,"UNIDADE","QUANT.","PROD","IMPROD","P.UNIT. PROD","P.UNIT. IMPR","P.TOTAL"]
["Betoneira capacidade 400 litros, motor diesel 7,0 HP",null,"h",1.2,1,null,6.61,1.01,{"$f":"D584*E584*G584+D584*F584*H584","v":7.9320000000000004}]
["SUB-TOTAL",{"$nulls":7},{"$f":"SUM(I584:I584)","v":7.9320000000000004}]
["MATERIAL"]
["DISCRIMINAÇÃO",null,"UNIDADE","QUANT.",null,null,null,"P.UNIT.","P.TOTAL"]
["Cimento",null,"kg",218,null,null,null,0.42,{"$f":"D588*H588","v":91.56}]
["Areia lavada",null,"m3",1,null,null,null,60,{"$f":"D589*H589","v":60}]
["Brita um",null,"m3",1,null,null,null,62.6,{"$f":"D590*H590","v":62.6}]
["SUB-TOTAL",{"$nulls":7},{"$f":"SUM(I588:I590)","v":214.16}]
["SERVIÇOS - COMPOSIÇÕES AUXILIARES"]
["DISCRIMINAÇÃO",null,"UNIDADE","QUANT.",null,null,null,"P.UNIT.","P.TOTAL"]
[{"$nulls":8},{"$f":"D594*H594","v":0}]
["SUB-TOTAL",{"$nulls":7},{"$f":"SUM(I594:I594)","v":0}]
["MÃO DE OBRA"]
["DISCRIMINAÇÃO",null,"UNIDADE","QUANT.",null,null,null,"P.UNIT.","P.TOTAL"]
["Pedreiro",null,"h",1,null,null,null,8.7799999999999994,{"$f":"D598*H598","v":8.7799999999999994}]
["Servente",null,"h",4,null,null,null,6.85,{"$f":"D599*H599","v":27.4}]
["SUB-TOTAL",{"$nulls":7},{"$f":"SUM(I598:I599)","v":36.18}]
["PRODUÇÃO DA EQUIPE",null,1.5,"CUSTO ",{"$nulls":4},{"$f":"I600+I595+I591+I585","v":258.27199999999999}]
["TOTAL - R$",{"$nulls":7},{"$f":"I601/C601","v":172.18133333333333}]
["BDI (%)",null,{"$f":"'BDI-serviços'!$D$29","v":0.20190000000000002},{"$nulls":5},{"$f":"I602*C603","v":34.7634112}]
["TOTAL DO SERVIÇO - R$",{"$nulls":7},{"$f":"I602+I603","v":206.94474453333333}]
[]
["CÓDIGO","SERVIÇO","ESPECIFICAÇÃO",{"$nulls":4},"UNIDADE"]
["Auxiliar","Concreto estrutural - fck = 15 Mpa, inclusive preparo, lançamento e controle tecnológico",{"$nulls":5},"M3 "]
[]
["EQUIPAMENTO"]
["DISCRIMINAÇÃO",null,"UNIDADE","QUANT.","PROD","IMPROD","P.UNIT. PROD","P.UNIT. IMPR","P.TOTAL"]
["Betoneira capacidade 400 litros, motor diesel 7,0 HP",null,"h",1.2,1,null,6.61,1.01,{"$f":"D611*E611*G611+D611*F611*H611","v":7.9320000000000004}]
["Vibrador de concreto, motor gas. 5,0 HP, sem operador",null,"h",1.5,1,null,2.5099999999999998,0.41,{"$f":"D612*E612*G612+D612*F612*H612","v":3.7649999999999997}]
["SUB-TOTAL",{"$nulls":7},{"$f":"SUM(I611:I612)","v":11.696999999999999}]
["MATERIAL"]
["DISCRIMINAÇÃO",null,"UNIDADE","QUANT.",null,null,null,"P.UNIT.","P.TOTAL"]
["Cimento",null,"kg",310,null,null,null,0.39560000000000001,{"$f":"D616*H616","v":122.636}]
["Areia lavada",null,"m3",0.61,null,null,null,60,{"$f":"D617*H617","v":36.6}]
["Brita um",null,"m3",0.45500000000000002,null,null,null,62.6,{"$f":"D618*H618","v":28.483000000000001}]
["Brita dois",null,"m3",0.45500000000000002,null,null,null,60.46,27.5093]
["SUB-TOTAL",{"$nulls":7},{"$f":"SUM(I616:I619)","v":215.22829999999999}]
["SERVIÇOS - COMPOSIÇÕES AUXILIARES"]
["DISCRIMINAÇÃO",null,"UNIDADE","QUANT.",null,null,null,"P.UNIT.","P.TOTAL"]
[{"$nulls":8},{"$f":"D623*H623","v":0}]
["SUB-TOTAL",{"$nulls":7},{"$f":"SUM(I623:I623)","v":0}]
["MÃO DE OBRA"]
["DISCRIMINAÇÃO",null,"UNIDADE","QUANT.",null,null,null,"P.UNIT.","P.TOTAL"]
["Pedreiro",null,"h",4,null,null,null,8.7799999999999994,{"$f":"D627*H627","v":35.119999999999997}]
["Servente",null,"h",13.5,null,null,null,6.85,{"$f":"D628*H628","v":92.474999999999994}]
["SUB-TOTAL",{"$nulls":7},{"$f":"SUM(I627:I628)","v":127.595}]
["PRODUÇÃO DA EQUIPE",null,1,"CUSTO ",{"$nulls":4},{"$f":"I629+I624+I620+I613","v":354.52030000000002}]
["TOTAL - R$",{"$nulls":7},{"$f":"I630/C630","v":354.52030000000002}]
["BDI (%)",null,{"$f":"'BDI-serviços'!$D$29","v":0.20190000000000002},{"$nulls":5},{"$f":"I631*C632","v":71.577648570000008}]
["TOTAL DO SERVIÇO - R$",{"$nulls":7},{"$f":"I631+I632","v":426.09794857000003}]
{"$rows_empty":331}
["CÓDIGO","SERVIÇO","ESPECIFICAÇÃO",{"$nulls":4},"UNIDADE"]
["Auxiliar","Argamassa de cimento e areia 1:3",{"$nulls":5},"M3"]
[]
["EQUIPAMENTO"]
["DISCRIMINAÇÃO",null,"UNIDADE","QUANT.","PROD","IMPROD","P.UNIT. PROD","P.UNIT. IMPR","P.TOTAL"]
[{"$nulls":8},{"$f":"D970*E970*G970+D970*F970*H970","v":0}]
["SUB-TOTAL",{"$nulls":7},{"$f":"SUM(I970:I970)","v":0}]
["MATERIAL"]
["DISCRIMINAÇÃO",null,"UNIDADE","QUANT.",null,null,null,"P.UNIT.","P.TOTAL"]
["Cimento",null,"kg",450,null,null,null,0.42,{"$f":"D974*H974","v":189}]
["Areia lavada",null,"m3",1.05,null,null,null,69.7,{"$f":"D975*H975","v":73.185000000000002}]
["SUB-TOTAL",{"$nulls":7},{"$f":"SUM(I974:I975)","v":262.185}]
["SERVIÇOS - COMPOSIÇÕES AUXILIARES"]
["DISCRIMINAÇÃO",null,"UNIDADE","QUANT.",null,null,null,"P.UNIT.","P.TOTAL"]
[{"$nulls":8},{"$f":"D979*H979","v":0}]
["SUB-TOTAL",{"$nulls":7},{"$f":"SUM(I979:I979)","v":0}]
["MÃO DE OBRA"]
["DISCRIMINAÇÃO",null,"UNIDADE","QUANT.",null,null,null,"P.UNIT.","P.TOTAL"]
["Servente",null,"h",10,null,null,null,6.12,{"$f":"D983*H983","v":61.2}]
["SUB-TOTAL",{"$nulls":7},{"$f":"SUM(I983:I983)","v":61.2}]
["PRODUÇÃO DA EQUIPE",null,1,"CUSTO ",{"$nulls":4},{"$f":"I984+I980+I976+I971","v":323.38499999999999}]
["TOTAL - R$",{"$nulls":7},{"$f":"ROUND(I985/C985,2)","v":323.39}]
["BDI                %"]
["TOTAL DO SERVIÇO - R$",{"$nulls":7},{"$f":"SUM(I986:I987)","v":323.39}]
[]
[]
["CÓDIGO","SERVIÇO","ESPECIFICAÇÃO",{"$nulls":4},"UNIDADE"]
["Auxiliar","Concreto estrutural - fck = 15 Mpa, inclusive preparo, lançamento e controle tecnológico",{"$nulls":5},"M3 "]
[]
["EQUIPAMENTO"]
["DISCRIMINAÇÃO",null,"UNIDADE","QUANT.","PROD","IMPROD","P.UNIT. PROD","P.UNIT. IMPR","P.TOTAL"]
["Betoneira capacidade 400 litros, motor diesel 7,0 HP",null,"h",1.2,1,null,6.61,1.01,{"$f":"D996*E996*G996+D996*F996*H996","v":7.9320000000000004}]
["Vibrador de concreto, motor gas. 5,0 HP, sem operador",null,"h",1.5,1,null,2.5099999999999998,0.41,{"$f":"D997*E997*G997+D997*F997*H997","v":3.7649999999999997}]
["SUB-TOTAL",{"$nulls":7},{"$f":"SUM(I996:I997)","v":11.696999999999999}]
["MATERIAL"]
["DISCRIMINAÇÃO",null,"UNIDADE","QUANT.",null,null,null,"P.UNIT.","P.TOTAL"]
["Cimento",null,"kg",310,null,null,null,0.42,{"$f":"D1001*H1001","v":130.19999999999999}]
["Areia lavada",null,"m3",0.61,null,null,null,60,{"$f":"D1002*H1002","v":36.6}]
["Brita um",null,"m3",0.45500000000000002,null,null,null,62.6,{"$f":"D1003*H1003","v":28.483000000000001}]
["Brita dois",null,"m3",0.45500000000000002,null,null,null,60.46,27.5093]
["SUB-TOTAL",{"$nulls":7},{"$f":"SUM(I1001:I1004)","v":222.79229999999998}]
["SERVIÇOS - COMPOSIÇÕES AUXILIARES"]
["DISCRIMINAÇÃO",null,"UNIDADE","QUANT.",null,null,null,"P.UNIT.","P.TOTAL"]
[{"$nulls":8},{"$f":"D1008*H1008","v":0}]
["SUB-TOTAL",{"$nulls":7},{"$f":"SUM(I1008:I1008)","v":0}]
["MÃO DE OBRA"]
["DISCRIMINAÇÃO",null,"UNIDADE","QUANT.",null,null,null,"P.UNIT.","P.TOTAL"]
["Pedreiro",null,"h",4,null,null,null,9.36,{"$f":"D1012*H1012","v":37.44}]
["Servente",null,"h",13.5,null,null,null,6.12,{"$f":"D1013*H1013","v":82.62}]
["SUB-TOTAL",{"$nulls":7},{"$f":"SUM(I1012:I1013)","v":120.06}]
["PRODUÇÃO DA EQUIPE",null,1,"CUSTO ",{"$nulls":4},{"$f":"I1014+I1009+I1005+I998","v":354.54930000000002}]
["TOTAL - R$",{"$nulls":7},{"$f":"ROUND(I1015/C1015,2)","v":354.55}]
["BDI                %",{"$nulls":7},{"$f":"0.267*I1016","v":94.664850000000015}]
["TOTAL DO SERVIÇO - R$",{"$nulls":7},{"$f":"SUM(I1016:I1017)","v":449.21485000000001}]

{"sheet":"Fornecimento de material betumi","index":3,"n_rows":13,"n_cols":9,"rows_kept":13,"cut":false,"hidden":true,"merged":[[11,5,11,6],[15,0,15,1],[16,0,16,1],[17,0,17,7]]}
["Ministério da Integração Nacional",null,null,"Edital: Tomada de Preços 046/2013"]
["CODEVASF",null,null,"Data da abertura: 06/12/2013"]
["Município: Ubaí/MG",null,null,"Data Base : Setembro 2013"]
["Licitante: Biotec Engenharia Ltda.",null,null,"BDI Serviço:",{"$f":"'BDI-serviços'!D29","v":0.20190000000000002}]
["CNPJ: 04.717.646/0001-45",null,null,"BDI Fornec:",{"$f":"'BDI-fornecimento'!D33/100","v":0.18}]
["Fornecimento de Materiais Betuminosos"]
["Item","Material Betuminoso","Unidade ","Valor ANP            (R$)","B.D.I                   (18,00 %)","Preço            (R$)"]
["1. ","Asfalto diluído CM-30","ton",1475.37,{"$f":"0.18*D8","v":265.56659999999999},{"$f":"SUM(D8:E8)","v":1740.9366},null,null," "]
["2.","Emulsão asfáltica RR-1C","ton",636.41,{"$f":"0.18*D9","v":114.5538},{"$f":"SUM(D9:E9)","v":750.96379999999999},null,null," "]
["3.","Concreto asfáltico de Petróleo - CAP 50/70","ton",928.54,167.13719999999998,1095.6771999999999,null,null," "]
[]
[]
[{"$nulls":7}," "]

{"sheet":"BDI-serviços","index":4,"n_rows":29,"n_cols":4,"rows_kept":29,"cut":false,"hidden":true,"merged":[[9,2,9,3],[3,3,3,4],[4,3,4,4],[8,2,8,3]]}
["Ministério da Integração Nacional"]
["CODEVASF"]
["Município: Ubaí/MG"]
["Licitante: Biotec Engenharia Ltda."]
["CNPJ: 04.717.646/0001-45"]
["Edital: Tomada de Preços 046/2013"]
["Data da abertura: 06/12/2013"]
["Data Base : Setembro 2013"]
["BDI Serviço:",{"$f":"D29","v":0.20190000000000002}]
["BDI Fornec:",{"$f":"'BDI-fornecimento'!D33/100","v":0.18}]
["Composição do BDI de serviços"]
["Item","Composição","% PV","% CD"]
[1,"Administração Central",null,{"$f":"SUM(D14:D16)","v":4.4999999999999998E-2}]
["1.1","Escritório Central",null,1.4999999999999999E-2]
["1.2","Viagens ",null,0.01]
["1.3","Outros",null,0.02]
[2,"Impostos e taxas",{"$f":"SUM(C18:C20)","v":8.6499999999999994E-2},{"$f":"SUM(D18:D20)","v":8.6499999999999994E-2}]
["2.1","ISS",0.05,0.05]
["2.2","PIS",6.4999999999999997E-3,6.4999999999999997E-3]
["2.3","COFINS",0.03,0.03]
[3,"Taxa de Risco",null,{"$f":"SUM(D22:D24)","v":9.3999999999999986E-3}]
["3.1","Seguro",null,2.3999999999999998E-3]
["3.2","Risco",null,2E-3]
["3.3","Garantia",null,5.0000000000000001E-3]
[4,"Despesas Financeiras",null,{"$f":"SUM(D26:D27)","v":1.0999999999999999E-2}]
["4.1","Juros ",null,3.0000000000000001E-3]
["4.2","Outros",null,8.0000000000000002E-3]
[5,"Lucro",null,0.05]
[null,"BDI CALCULADO (%)",null,{"$f":"D13+D17+D21+D25+D28","v":0.20190000000000002}]

{"sheet":"BDI-fornecimento","index":5,"n_rows":36,"n_cols":7,"rows_kept":36,"cut":false,"hidden":true,"merged":[[32,0,32,2],[39,0,39,1],[40,0,40,5],[34,3,34,4],[38,0,38,1]]}
["Ministério da Integração Nacional"]
["CODEVASF"]
["Município: Ubaí/MG"]
["Licitante: Biotec Engenharia Ltda."]
["CNPJ: 04.717.646/0001-45"]
["Edital: Tomada de Preços 046/2013"]
["Data da abertura: 06/12/2013"]
["Data Base : Setembro 2013"]
["BDI Serviço:",{"$f":"'BDI-serviços'!D29","v":0.20190000000000002}]
["BDI Fornec:",{"$f":"D33/100","v":0.18}]
["Composição do BDI de fornecimento"]
["Item","Descrição dos Serviços","% PV","% CD"]
[]
[1,"ADMINISTRAÇÃO CENTRAL"," ",5.85,null,null," "]
["1.1","ESCRITÓRIO CENTRAL"," "," "]
["1.2","VIAGENS"," "," "]
["1.3","OUTROS"," "," "]
[" "," "," "," "]
[2,"IMPOSTOS E TAXAS",{"$f":"SUM(C20:C22)","v":3.65},{"$f":"ROUND(SUM(D20:D22),2)","v":3.65}]
["2.1","ISS",0]
["2.2","PIS",0.65,{"$f":"ROUND(C21*(1+($B$39/100)),2)","v":0.65}]
["2.3","Cofins",3,{"$f":"ROUND(C22*(1+($B$39/100)),2)","v":3}]
[]
[3,"TAXA DE RISCO"," ",{"$f":"SUM(D25:D28)","v":0.86999999999999988},null,null," "]
["3.1","SEGURO",null,0.24]
["3.2","RISCO",null,0.21]
["3.3","GARANTIA",null,0.42]
[]
[4,"DESPESAS FINANCEIRAS"," ",0.5,null,null," "]
[]
[5,"LUCRO",null,6]
[]
["B.D.I.  CALCULADO (%)",null,null,{"$f":"ROUND((((1+(D14+D24)/100)*(1+D29/100)*(1+D31/100)/(1-C19/100)-1)*100),2)","v":18}]
[]
[]
[{"$nulls":5}," "]

{"sheet":"Escala de mão de obra  ","index":6,"n_rows":25,"n_cols":4,"rows_kept":25,"cut":false,"hidden":true,"merged":[[6,0,6,3],[21,0,21,3]]}
["Ministério da Integração Nacional",null,"Edital: Tomada de Preços 046/2013"]
["CODEVASF",null,"Data da abertura: 06/12/2013"]
["Município: Ubaí/MG",null,"Data Base : Setembro 2013"]
["Licitante: Biotec Engenharia Ltda.",null,"CNPJ: 04.717.646/0001-45"]
["Escala Salarial de Mão de obra"]
[]
["1. Horista"]
["CATEGORIA PROFISSIONAL","SALÁRIO HORA (R$)","ENCARGOS SOCIAIS","SALÁRIO HORA                 +                ENCARGOS (R$)"]
["Auxilar de topografia",2.0830000000000002,{"$f":"B9*'encargos sociais - HORISTAS'!$B$24","v":2.6654068000000004},{"$f":"B9+C9","v":4.7484068000000006}]
["Encarregado de pavimentação",14.835000000000001,{"$f":"B10*'encargos sociais - HORISTAS'!$B$24","v":18.982866000000001},33.817866000000002]
["Encarregado de turma",10.28,{"$f":"B11*'encargos sociais - HORISTAS'!$B$24","v":13.154287999999999},23.434287999999999]
["Montador",3.72,{"$f":"B12*'encargos sociais - HORISTAS'!$B$24","v":4.7601120000000003},8.4801120000000001]
["Nivelador",2.85,{"$f":"B13*'encargos sociais - HORISTAS'!$B$24","v":3.6468600000000002},6.4968599999999999]
["Operador de equipamento especial",7.2770000000000001,{"$f":"B14*'encargos sociais - HORISTAS'!$B$24","v":9.3116492000000015},16.588649200000003]
["Pedreiro",3.72,{"$f":"B15*'encargos sociais - HORISTAS'!$B$24","v":4.7601120000000003},8.4801120000000001]
["Pintor",3.72,{"$f":"B16*'encargos sociais - HORISTAS'!$B$24","v":4.7601120000000003},8.4801120000000001]
["Pré-marcador",3.72,{"$f":"B17*'encargos sociais - HORISTAS'!$B$24","v":4.7601120000000003},8.4801120000000001]
["Serralheiro",3.72,{"$f":"B18*'encargos sociais - HORISTAS'!$B$24","v":4.7601120000000003},8.4801120000000001]
["Servente",3.0049999999999999,{"$f":"B19*'encargos sociais - HORISTAS'!$B$24","v":3.8451979999999999},6.8501979999999998]
["Topógrafo",6.2460000000000004,{"$f":"B20*'encargos sociais - HORISTAS'!$B$24","v":7.9923816000000008},14.2383816]
[]
["2. Mensalista"]
["CATEGORIA PROFISSIONAL","SALÁRIO HORA (R$)","ENCARGOS SOCIAIS","SALÁRIO HORA                 +                ENCARGOS (R$)"]
["Engenheiro Residente",7177.77,{"$f":"B24*'encargos sociais - MENSALISTA'!$D$34","v":5544.8273250000002},{"$f":"SUM(B24:C24)","v":12722.597325000001}]
["Mestre de obra ",7800.8440000000001,{"$f":"B25*'encargos sociais - MENSALISTA'!$D$34","v":6026.1519899999994},{"$f":"SUM(B25:C25)","v":13826.995989999999}]

{"sheet":"encargos sociais - HORISTAS","index":7,"n_rows":24,"n_cols":10,"rows_kept":24,"cut":false,"hidden":true,"merged":[]}
["Ministério da Integração Nacional",{"$nulls":5},"Edital: Tomada de Preços 046/2013"]
["CODEVASF",{"$nulls":5},"Data da abertura: 06/12/2013"]
["Município: Ubaí/MG",{"$nulls":5},"Data Base : Setembro 2013"]
["Licitante: Biotec Engenharia Ltda.",{"$nulls":5},"CNPJ: 04.717.646/0001-45"]
["Encargos sociais Horistas"]
["Grupo 01"]
["TIPO HORA","INSS","FGTS","SESI","SENAI","INCRA","SAL. EDUC.","S. A .T","SEBRAE","TOTAL"]
[null,20,8,1.5,1,0.2,2.5,3,0.6,{"$f":"SUM(A8:I8)","v":36.800000000000004}]
[]
["Grupo 02"]
["TIPO HORA","REP. SEM. REM.","FERIADOS","DIAS DE CHUVA E FALTAS J.","AUXIL. DOENÇA","13º SALÁRIO","LIC. PATERNID.","TOTAL"]
[null,19.899999999999999,3,4.57,0.79,10.57,0.34,{"$f":"SUM(B12:G12)","v":39.17}]
[]
["Grupo 03"]
["TIPO HORA","FÉRIAS","ADICIONAL DE DISPENSA SEM JUSTA CAUSA - MULTA SOBRE FGTS","AVISO                      PRÉVIO INDENIZADO","TOTAL"]
[null,14.06,5.57,13.12,{"$f":"SUM(B16:D16)","v":32.75}]
[]
["Grupo 04"]
["TIPO HORA","GRUPO 01 INCIDINDO NO GRUPO 02","GRUPO 01 INCIDINDO NO AVISO PRÉVIO","TOTAL"]
[null,14.41,4.83,{"$f":"SUM(B20:C20)","v":19.240000000000002}]
[]
["Total"]
["TIPO HORA","TOTAL"]
[null,{"$f":"(J8+H12+E16+D20)/100","v":1.2796000000000001}]

{"sheet":"encargos sociais - MENSALISTA","index":8,"n_rows":48,"n_cols":7,"rows_kept":48,"cut":false,"hidden":true,"merged":[[23,1,23,2]]}
["Ministério da Integração Nacional",null,"Edital: Tomada de Preços 046/2013"]
["CODEVASF",null,"Data da abertura: 06/12/2013"]
["Município: Ubaí/MG",null,"Data Base : Setembro 2013"]
["Licitante: Biotec Engenharia Ltda.",null,"CNPJ: 04.717.646/0001-45"]
["Encargos sociais Mensalista"]
[]
["A-","Encargos Sociais Básicos"]
["A1-","Seconci",null,{"$f":"F8","v":0},null,0]
["A2-","INSS",null,0.2]
["A3-","FGTS",null,0.08]
["A4-","Incra",null,2E-3]
["A5-","Salário Educação ",null,2.5000000000000001E-2]
["A6-","Sebrae",null,6.0000000000000001E-3]
["A7-","Seguro contra acidente",null,0.03]
["A8-","Senai",null,0.01]
["A9-","Sesi",null,1.4999999999999999E-2]
[null,"Total",null,{"$f":"ROUND(SUM(D8:D16),4)","v":0.36799999999999999},"A "]
[]
["B-","Encargos Sociais Que Recebem Incidências de A"]
["B1-","13º Salário  "," ",{"$f":"ROUND(D39/D41,4)","v":8.2199999999999995E-2}]
[null,"Total",null,{"$f":"ROUND(SUM(D20:D20),4)","v":8.2199999999999995E-2},"B"]
[]
["C-","Encargos Que Não Recebem Incidências Globais de A"]
["C1-","Depósito por despedida injusta",null,{"$f":"ROUND(0.5*(D10+(D10*D21)),4)","v":4.3299999999999998E-2}]
["C2-","Férias"," ",{"$f":"ROUND(1.33*(D39/D41),4)","v":0.10929999999999999}]
["C3-","Aviso prévio"," ",{"$f":"ROUND(D39/(D41/12*G26),4)","v":0.10199999999999999},null,"TP =",9.67]
[null,"Total",null,{"$f":"ROUND(SUM(D24:D26),4)","v":0.25459999999999999},"C"]
[{"$nulls":5}," "]
["D-","Taxa de Reincidência",null,null,null," "]
["D1-","Reincidência de A sobre B","A% x B%",{"$f":"ROUND(D17*0.0822,4)","v":3.0200000000000001E-2},null,{"$f":"D17*D21","v":3.0249599999999998E-2}]
["D2-","Reincidência de A sobre C3","A% x C3%",{"$f":"ROUND((D17-D8)*0.102,4)","v":3.7499999999999999E-2},null,{"$f":"D17*D26","v":3.7536E-2}]
[null,"Total",null,{"$f":"ROUND(SUM(D30:D31),4)","v":6.7699999999999996E-2},"D",{"$f":"F30+F31","v":6.7785600000000001E-2}]
[]
[null,"TOTAL DOS ENCARGOS",null,{"$f":"ROUND(D17+D21+D27+D32,4)","v":0.77249999999999996}]
[]
[]
[]
["Relação de variáveis:"]
["V1","Jornada mensal de trabalho:",null,220]
["V2","Jornada diária de trabalho:                  220/30","220/30",{"$f":"ROUND(220/30,4)","v":7.3333000000000004}]
["V3","Total de horas anuais:","365*7,3333",{"$f":"365*D40","v":2676.6545000000001}]
["TP","Tempo de permanência do funcionário na obra, em meses."]
[]
["Cálculos:"]
["B1-","V1/V3"]
["C1-","50%x(FGTS+(FGTSxB))"]
["C2-","1,33xV1/V3"]
["C3-","V1/(V3/12xTP)","  "]